{"text_format":"3","workbook":"xlsx","n_sheets":2,"sheets":["25'03월","25'03월 (2)"],"not_rendered":{"external_links":1},"read":"whole","date_system":"1900"}

{"sheet":"25'03월","index":0,"n_rows":134,"n_cols":30,"rows_kept":134,"merged":[[3,1,3,6],[3,7,4,7],[3,8,4,8],[3,9,4,9],[3,10,4,10],[3,11,4,11],[3,12,4,12],[3,13,4,13],[3,14,3,16],[3,17,3,19],[3,20,3,22],[3,23,3,25],[3,26,3,28],[3,29,4,29],[17,9,18,9],[21,9,22,9],[25,9,26,9],[31,9,32,9],[40,8,48,8],[40,9,41,9],[42,9,43,9],[50,8,54,8]]}
[]
[]
[null,"2025년 03월 재고 현황",{"$nulls":7},"리즈톡신",1,"unit",8.8,"cc"]
[null,"거래처",{"$nulls":5},"진료구분","구분","제품명","재고관리용량","재고관리용량단위","사용시 용량","사용시 용량단위","이월",null,null,"입고",null,null,"실사용",null,null,"과부족",null,null,"실재 재고",null,null,"사유"]
[null,"거래처명","사업자번호","담당자명","연락처","이메일","거래처 메모",{"$nulls":7},"단가","수량","금액","단가","수량","입고금액","단가","수량","사용금액","단가","수량","사용금액","단가","수량","재고금액"]
[null,"휴젤","확인필요","이창기","010-2869-0068",null,"㈜블루엠텍","쁘띠","필러","채움프리미엄 1",2,"cc",1,"cc",{"$f":"+'[1]25''02월'!P4","v":{"v":18000,"d":"18,000"}},{"$f":"+'[1]25''02월'!Q4","v":16},{"$f":"+O6*P6","v":{"v":288000,"d":"288,000"}},{"v":18000,"d":"18,000"},-6,{"$f":"+R6*S6","v":{"v":-108000,"d":"-108,000"}},{"v":18000,"d":"18,000"},{"v":11,"d":"11.0"},{"$f":"+U6*V6","v":{"v":198000,"d":"198,000"}},null,{"v":1,"d":"1.0"},{"$f":"+X6*Y6","v":0},{"$f":"+O6","v":{"v":18000,"d":"18,000"}},{"$f":"+P6+S6-V6+Y6","v":0},{"$f":"+AA6*AB6","v":0},"시술 축소로 일부 제고 반품"]
[null,"휴젤","확인필요","이창기","010-2869-0068",null,null,"쁘띠","필러","체움프리미엄 2",2,"cc",1,"cc",{"$f":"+'[1]25''02월'!P5","v":{"v":18000,"d":"18,000"}},{"$f":"+'[1]25''02월'!Q5","v":23},{"$f":"+O7*P7","v":{"v":414000,"d":"414,000"}},{"v":18000,"d":"18,000"},-10,{"v":-180000,"d":"-180,000"},{"v":18000,"d":"18,000"},{"v":14,"d":"14.0"},{"v":252000,"d":"252,000"},null,{"v":1,"d":"1.0"},0,{"$f":"+O7","v":{"v":18000,"d":"18,000"}},{"$f":"+P7+S7-V7+Y7","v":0},0,"시술 축소로 일부 제고 반품"]
[null,"휴젤","확인필요","이창기","010-2869-0068",null,null,"쁘띠","필러","채움프리미엄 3",2,"cc",1,"cc",{"$f":"+'[1]25''02월'!P6","v":{"v":18000,"d":"18,000"}},{"$f":"+'[1]25''02월'!Q6","v":25},{"v":450000,"d":"450,000"},{"v":18000,"d":"18,000"},-10,{"v":-180000,"d":"-180,000"},{"v":18000,"d":"18,000"},{"v":11,"d":"11.0"},{"v":198000,"d":"198,000"},null,0,0,{"v":18000,"d":"18,000"},{"v":4,"d":"4.0"},{"v":72000,"d":"72,000"},"시술 축소로 일부 제고 반품"]
[null,"뉴메코","264-81-13092","윤진섭과장","010-4757-0391",null,null,"쁘띠","필러","뉴라미스라이트",1,"cc",1,"cc",{"$f":"+'[1]25''02월'!P7","v":{"v":14000,"d":"14,000"}},{"$f":"+'[1]25''02월'!Q7","v":24},{"v":336000,"d":"336,000"},null,null,0,{"v":14000,"d":"14,000"},{"v":1,"d":"1.0"},{"v":14000,"d":"14,000"},null,0,0,{"v":14000,"d":"14,000"},{"v":23,"d":"23.0"},{"v":322000,"d":"322,000"}]
[null,"뉴메코","264-81-13092","윤진섭과장","010-4757-0391",null,null,"쁘띠","필러","뉴라미스리도카인",1,"cc",1,"cc",{"$f":"+'[1]25''02월'!P8","v":{"v":18000,"d":"18,000"}},{"$f":"+'[1]25''02월'!Q8","v":20},{"v":360000,"d":"360,000"},null,null,0,{"v":18000,"d":"18,000"},{"v":2,"d":"2.0"},{"v":36000,"d":"36,000"},null,{"v":1,"d":"1.0"},0,{"v":18000,"d":"18,000"},{"v":19,"d":"19.0"},{"v":342000,"d":"342,000"}]
[null,"뉴메코","264-81-13092","윤진섭과장","010-4757-0391",null,null,"쁘띠","필러","뉴라미스볼륨",1,"cc",1,"cc",{"$f":"+'[1]25''02월'!P9","v":{"v":18000,"d":"18,000"}},{"$f":"+'[1]25''02월'!Q9","v":11},{"v":198000,"d":"198,000"},null,null,0,{"v":18000,"d":"18,000"},{"v":1,"d":"1.0"},{"v":18000,"d":"18,000"},null,0,0,{"v":18000,"d":"18,000"},{"v":10,"d":"10.0"},{"v":180000,"d":"180,000"}]
[null,"한국애브비㈜","120-87-80221","김주현차장","010-4097-2589",null,null,"쁘띠","필러","쥬비덤 볼벨라",2,"cc",1,"cc",{"$f":"+'[1]25''02월'!P10","v":{"v":130164,"d":"130,164"}},{"$f":"+'[1]25''02월'!Q10","v":18},{"v":2342952,"d":"2,342,952"},{"v":130164,"d":"130,164"},20,{"v":2603280,"d":"2,603,280"},{"v":130164,"d":"130,164"},{"v":21,"d":"21.0"},{"v":2733444,"d":"2,733,444"},null,{"v":6,"d":"6.0"},0,{"$f":"+O12","v":{"v":130164,"d":"130,164"}},{"v":23,"d":"23.0"},{"v":2993772,"d":"2,993,772"}]
[null,"한국애브비㈜","120-87-80221","김주현차장","010-4097-2589",null,null,"쁘띠","필러","쥬비덤 볼리프트",2,"cc",1,"cc",{"$f":"+'[1]25''02월'!P11","v":{"v":130164.1,"d":"130,164"}},{"$f":"+'[1]25''02월'!Q11","v":27},{"v":3514430.7,"d":"3,514,431"},{"v":130164,"d":"130,164"},20,{"v":2603280,"d":"2,603,280"},{"v":130164,"d":"130,164"},{"v":19,"d":"19.0"},{"v":2473116,"d":"2,473,116"},null,{"v":1,"d":"1.0"},0,{"$f":"+O13","v":{"v":130164.1,"d":"130,164"}},{"v":29,"d":"29.0"},{"v":3774758.9000000004,"d":"3,774,759"}]
[null,"한국애브비㈜","120-87-80221","김주현차장","010-4097-2589",null,null,"쁘띠","필러","쥬비덤 볼루마",2,"cc",1,"cc",{"$f":"+'[1]25''02월'!P12","v":{"v":130164,"d":"130,164"}},{"$f":"+'[1]25''02월'!Q12","v":36},{"v":4685904,"d":"4,685,904"},null,null,0,{"v":130164,"d":"130,164"},{"v":5,"d":"5.0"},{"v":650820,"d":"650,820"},null,{"v":1,"d":"1.0"},0,{"$f":"+O14","v":{"v":130164,"d":"130,164"}},{"v":32,"d":"32.0"},{"v":4165248,"d":"4,165,248"}]
[null,"우노스킨","128-36-45769","한수정","010-4787-5735",null,null,"쁘띠","필러","레스틸렌비탈",1,"cc",1,"cc",{"$f":"+'[1]25''02월'!P13","v":{"v":115500,"d":"115,500"}},{"$f":"+'[1]25''02월'!Q13","v":9},{"v":1039500,"d":"1,039,500"},null,null,0,{"v":115500,"d":"115,500"},{"v":1,"d":"1.0"},{"v":115500,"d":"115,500"},null,{"v":9,"d":"9.0"},0,{"v":115500,"d":"115,500"},{"v":17,"d":"17.0"},{"v":1963500,"d":"1,963,500"},"유통기한 폐기 교환"]
[null,"우노스킨","128-36-45769","한수정","010-4787-5735",null,null,"쁘띠","필러","레스틸렌리파인",1,"cc",1,"cc",{"$f":"+'[1]25''02월'!P14","v":{"v":110000,"d":"110,000"}},{"$f":"+'[1]25''02월'!Q14","v":18},{"v":1980000,"d":"1,980,000"},null,null,0,{"v":110000,"d":"110,000"},0,0,null,{"v":7,"d":"7.0"},0,{"v":110000,"d":"110,000"},{"v":25,"d":"25.0"},{"v":2750000,"d":"2,750,000"},"유통기한 폐기 교환"]
[null,"우노스킨","128-36-45769","한수정","010-4787-5735",null,null,"쁘띠","필러","레스틸렌디파인",1,"cc",1,"cc",{"$f":"+'[1]25''02월'!P15","v":{"v":110000,"d":"110,000"}},{"$f":"+'[1]25''02월'!Q15","v":15},{"v":1650000,"d":"1,650,000"},null,null,0,{"v":110000,"d":"110,000"},{"v":4,"d":"4.0"},{"v":440000,"d":"440,000"},null,{"v":1,"d":"1.0"},0,{"v":110000,"d":"110,000"},{"v":12,"d":"12.0"},{"v":1320000,"d":"1,320,000"},"불량 교환"]
[null,"한국싱클레어(유)","530-87-00797","확인필요","010-8837-7677",null,null,"쁘띠","필러","엘란쎄M",2,"cc",1,"cc",{"$f":"+'[1]25''02월'!P16","v":{"v":211747,"d":"211,747"}},{"$f":"+'[1]25''02월'!Q16","v":32},{"v":6775904,"d":"6,775,904"},null,null,0,{"v":211747,"d":"211,747"},19.8,{"$f":"+U18*V18","v":{"v":4192590.6,"d":"4,192,591"}},null,{"v":-1,"d":"-1.0"},0,{"$f":"+O18","v":{"v":211747,"d":"211,747"}},11.2,{"v":2371566.4,"d":"2,371,566"},"믹스 폐기"]
[null,"한국싱클레어(유)","530-87-00797","확인필요","010-8837-7677",null,null,"쁘띠","필러",null,2,"cc",1,"cc",{"$f":"+'[1]25''02월'!P17","v":{"v":211612.52,"d":"211,613"}},{"$f":"+'[1]25''02월'!Q17","v":120},{"v":25393502.4,"d":"25,393,502"},null,null,0,{"v":211613,"d":"211,613"},0,{"$f":"+U19*V19","v":0},null,0,0,{"$f":"+O19","v":{"v":211612.52,"d":"211,613"}},{"v":120,"d":"120.0"},{"v":25393502.4,"d":"25,393,502"}]
[null,"(주)한용팜","214-87-99253","한수정","010-4787-5735",null,null,"쁘띠","필러","스컬트라",10,"cc",1,"cc",{"$f":"+'[1]25''02월'!P18","v":{"v":242000,"d":"242,000"}},{"$f":"+'[1]25''02월'!Q18","v":40},{"v":9680000,"d":"9,680,000"},{"v":242000,"d":"242,000"},50,{"v":12100000,"d":"12,100,000"},{"v":242000,"d":"242,000"},31.8,{"v":7695600,"d":"7,695,600"},null,{"v":4,"d":"4.0"},0,{"v":242000,"d":"242,000"},62.2,{"v":15052400,"d":"15,052,400"}]
[null,"바임글로벌","757-87-01595","조봉근대리","010-3033-0729",null,null,"쁘띠","필러","쥬베룩볼륨",9,"cc",1,"cc",{"$f":"+'[1]25''02월'!P19","v":{"v":110000,"d":"110,000"}},{"$f":"+'[1]25''02월'!Q19","v":12},{"v":1320000,"d":"1,320,000"},null,null,0,{"v":110000,"d":"110,000"},{"v":3.13,"d":"3.1"},{"v":344300,"d":"344,300"},null,0.1,0,{"v":110000,"d":"110,000"},{"v":8.97,"d":"9.0"},{"v":986700.0000000001,"d":"986,700"}]
[null,"멀츠아시아퍼스픽피티이엘티디","211-84-10660","최진성","010-2942-0907",null,null,"쁘띠","필러","벨로테로소프트",1,"cc",1,"cc",{"$f":"+'[1]25''02월'!P20","v":{"v":91000,"d":"91,000"}},{"$f":"+'[1]25''02월'!Q20","v":55},{"v":5005000,"d":"5,005,000"},null,null,0,{"v":91000,"d":"91,000"},{"v":7,"d":"7.0"},{"v":637000,"d":"637,000"},null,{"v":2,"d":"2.0"},0,{"v":91000,"d":"91,000"},{"v":50,"d":"50.0"},{"v":4550000,"d":"4,550,000"}]
[null,"멀츠아시아퍼스픽피티이엘티디","211-84-10660","최진성","010-2942-0907",null,null,"쁘띠","필러",null,1,"cc",1,"cc",{"$f":"+'[1]25''02월'!P21","v":{"v":82727,"d":"82,727"}},{"$f":"+'[1]25''02월'!Q21","v":3},{"v":248181,"d":"248,181"},null,null,0,{"v":82727,"d":"82,727"},{"v":3,"d":"3.0"},{"v":248181,"d":"248,181"},null,0,0,{"v":82727,"d":"82,727"},0,0]
[null,"㈜휴메딕스","204-81-76343","김정국차장","010-8824-5615",null,null,"쁘띠","보톡스","리즈톡신",200,"unit",0.5,"unit",{"$f":"+'[1]25''02월'!P22","v":{"v":25000,"d":"25,000"}},{"$f":"+'[1]25''02월'!Q22","v":54},{"v":1350000,"d":"1,350,000"},{"v":25000,"d":"25,000"},50,{"v":1250000,"d":"1,250,000"},{"v":25000,"d":"25,000"},{"v":43.32,"d":"43.3"},{"v":1083000,"d":"1,083,000"},null,2.3,0,{"v":25000,"d":"25,000"},{"v":62.98,"d":"63.0"},{"v":1574500,"d":"1,574,500"}]
[null,"뉴메코","264-81-13092","윤진섭과장","010-4757-0391",null,null,"쁘띠","보톡스","코어톡스",100,"unit",0.5,"unit",{"$f":"+'[1]25''02월'!P23","v":{"v":33000,"d":"33,000"}},{"$f":"+'[1]25''02월'!Q23","v":37},{"v":1221000,"d":"1,221,000"},{"v":33000,"d":"33,000"},50,{"v":1650000,"d":"1,650,000"},{"v":33000,"d":"33,000"},{"v":53.79,"d":"53.8"},{"v":1775070,"d":"1,775,070"},null,5.8,0,{"v":33000,"d":"33,000"},{"$f":"+P25+S25-V25+Y25","v":{"v":39.01,"d":"39.0"}},{"v":1287330,"d":"1,287,330"}]
[null,"멀츠아시아퍼스픽피티이엘티디","211-84-10660","최진성","010-2942-0907",null,null,"쁘띠","보톡스","제오민",100,"unit",0.5,"unit",{"$f":"+'[1]25''02월'!P24","v":{"v":110000,"d":"110,000"}},{"$f":"+'[1]25''02월'!Q24","v":13},{"v":1430000,"d":"1,430,000"},null,null,0,{"v":110000,"d":"110,000"},{"v":13,"d":"13.0"},{"v":1430000,"d":"1,430,000"},null,0,0,{"v":110000,"d":"110,000"},0,0]
[null,"멀츠아시아퍼스픽피티이엘티디","211-84-10660","최진성","010-2942-0907",null,null,"쁘띠","보톡스",null,100,"unit",0.5,"unit",{"$f":"+'[1]25''02월'!P25","v":{"v":120000,"d":"120,000"}},{"$f":"+'[1]25''02월'!Q25","v":30},{"v":3600000,"d":"3,600,000"},{"v":120000,"d":"120,000"},5,{"v":600000,"d":"600,000"},{"v":120000,"d":"120,000"},{"v":33.53,"d":"33.5"},{"v":4023600,"d":"4,023,600"},null,2.5,null,{"v":120000,"d":"120,000"},{"v":3.969999999999999,"d":"4.0"},{"v":476399.9999999999,"d":"476,400"}]
[null,"파마리서치","220-86-07450","장형곤","010-4117-6855",null,null,"쁘띠","스킨부스터","리쥬란아이",1,"cc",1,"cc",{"$f":"+'[1]25''02월'!P26","v":{"v":52923,"d":"52,923"}},{"$f":"+'[1]25''02월'!Q26","v":25},{"v":1323075,"d":"1,323,075"},{"v":52923.2,"d":"52,923"},50,{"v":2646160,"d":"2,646,160"},{"v":52923,"d":"52,923"},{"v":39,"d":"39.0"},{"v":2063997,"d":"2,063,997"},null,0,0,{"v":52923,"d":"52,923"},{"v":36,"d":"36.0"},{"v":1905228,"d":"1,905,228"}]
[null,"파마리서치","220-86-07450","장형곤","010-4117-6855",null,null,"쁘띠","스킨부스터","리쥬란",4,"cc",2,"cc",{"$f":"+'[1]25''02월'!P27","v":{"v":94430,"d":"94,430"}},{"$f":"+'[1]25''02월'!Q27","v":126},{"v":11898180,"d":"11,898,180"},{"v":94429.5,"d":"94,430"},100,{"v":9442950,"d":"9,442,950"},{"v":94430,"d":"94,430"},{"v":109,"d":"109.0"},{"v":10292870,"d":"10,292,870"},null,0,0,{"v":94430,"d":"94,430"},{"v":117,"d":"117.0"},{"v":11048310,"d":"11,048,310"}]
[null,"파마리서치","220-86-07450","장형곤","010-4117-6855",null,null,"쁘띠","스킨부스터","리쥬란HB",1,"cc",1,"cc",{"$f":"+'[1]25''02월'!P29","v":{"v":55377,"d":"55,377"}},{"$f":"+'[1]25''02월'!Q29","v":51},{"v":2824227,"d":"2,824,227"},{"v":55377.3,"d":"55,377"},50,{"v":2768865,"d":"2,768,865"},{"v":55377,"d":"55,377"},{"v":63,"d":"63.0"},{"v":3488751,"d":"3,488,751"},null,{"v":1,"d":"1.0"},0,{"v":55377,"d":"55,377"},39,{"v":2159703,"d":"2,159,703"}]
[null,"㈜아이더마바이오","610-87-00680","장영철차장","010-2580-4489",null,null,"쁘띠","스킨부스터","샤넬",3,"cc",1,"cc",{"$f":"+'[1]25''02월'!P30","v":{"v":55648,"d":"55,648"}},{"$f":"+'[1]25''02월'!Q30","v":81},{"v":4507488,"d":"4,507,488"},null,null,0,{"v":55648,"d":"55,648"},{"v":12,"d":"12.0"},{"v":667776,"d":"667,776"},null,0,0,{"v":55648,"d":"55,648"},{"v":69,"d":"69.0"},{"v":3839712,"d":"3,839,712"}]
[null,"바임글로벌","757-87-01595","조봉근대리","010-3033-0729",null,null,"쁘띠","스킨부스터","쥬베룩",8,"cc",1,"cc",{"$f":"+'[1]25''02월'!P31","v":{"v":100000,"d":"100,000"}},{"$f":"+'[1]25''02월'!Q31","v":16},{"v":1600000,"d":"1,600,000"},null,null,0,{"v":100000,"d":"100,000"},{"v":10.74,"d":"10.7"},{"v":1074000,"d":"1,074,000"},null,1.7,0,{"v":100000,"d":"100,000"},{"v":6.96,"d":"7.0"},{"v":696000,"d":"696,000"}]
[null,"바임글로벌","757-87-01595","조봉근대리","010-3033-0729",null,null,"쁘띠","스킨부스터",null,8,"cc",1,"cc",{"$f":"+'[1]25''02월'!P32","v":{"v":121000,"d":"121,000"}},{"$f":"+'[1]25''02월'!Q32","v":50},{"v":6050000,"d":"6,050,000"},null,null,0,{"v":121000,"d":"121,000"},0,0,null,0,0,{"v":121000,"d":"121,000"},{"v":50,"d":"50.0"},{"v":6050000,"d":"6,050,000"}]
[null,"확인필요","확인필요","확인필요","확인필요",null,null,"쁘띠","스킨부스터","하이주",6,"cc",1,"cc",{"$f":"+'[1]25''02월'!P33","v":{"v":9616,"d":"9,616"}},{"$f":"+'[1]25''02월'!Q33","v":52},{"v":500032,"d":"500,032"},null,null,0,{"v":9616,"d":"9,616"},27.5,{"v":264440,"d":"264,440"},null,1.5,0,{"v":9616,"d":"9,616"},{"v":26,"d":"26.0"},{"v":250016,"d":"250,016"}]
[null,"라윤코리아","220-10-07251","윤지혜대표","010-2728-5010",null,null,"기타","실리프팅","하이코(4cm)",4,"ea",4,"ea",{"$f":"+'[1]25''02월'!P34","v":{"v":4950,"d":"4,950"}},{"$f":"+'[1]25''02월'!Q34","v":84},{"v":415800,"d":"415,800"},null,null,0,{"v":4950,"d":"4,950"},{"v":20,"d":"20.0"},{"v":99000,"d":"99,000"},null,0,0,{"v":4950,"d":"4,950"},{"v":64,"d":"64.0"},{"v":316800,"d":"316,800"}]
[null,"라윤코리아","220-10-07251","윤지혜대표","010-2728-5010",null,null,"기타","실리프팅","메이드코(6cm)",4,"ea",4,"ea",{"$f":"+'[1]25''02월'!P35","v":{"v":4950,"d":"4,950"}},{"$f":"+'[1]25''02월'!Q35","v":20},{"v":99000,"d":"99,000"},{"v":4950,"d":"4,950"},24,{"v":118800,"d":"118,800"},{"v":4950,"d":"4,950"},{"v":12,"d":"12.0"},{"v":59400,"d":"59,400"},null,{"v":-4,"d":"-4.0"},0,{"v":4950,"d":"4,950"},{"v":28,"d":"28.0"},{"v":138600,"d":"138,600"},"유통기한 폐기 / 교환 안되서 폐기 진행"]
[null,"(주)아프로메디온","확인필요","박세호부장","010-6411-0772",null,null,"기타","실리프팅","오메가",2,"ea",2,"ea",{"$f":"+'[1]25''02월'!P36","v":{"v":5500,"d":"5,500"}},{"$f":"+'[1]25''02월'!Q36","v":188},{"v":1034000,"d":"1,034,000"},null,null,0,{"v":5500,"d":"5,500"},{"v":38,"d":"38.0"},{"v":209000,"d":"209,000"},null,0,0,{"v":5500,"d":"5,500"},{"v":150,"d":"150.0"},{"v":825000,"d":"825,000"}]
[null,"라윤코리아","220-10-07251","윤지혜대표","010-2728-5010",null,null,"기타","실리프팅","울트라V",10,"ea",10,"ea",{"$f":"+'[1]25''02월'!P37","v":550},{"$f":"+'[1]25''02월'!Q37","v":960},{"v":528000,"d":"528,000"},null,null,0,550,{"v":90,"d":"90.0"},{"v":49500,"d":"49,500"},null,0,0,550,{"v":870,"d":"870.0"},{"v":478500,"d":"478,500"}]
[null,"민트메디컬㈜","755-87-01997","김민수","010-7210-2215",null,null,"기타","실리프팅","민트쁘띠",4,"ea",4,"ea",{"$f":"+'[1]25''02월'!P38","v":{"v":9000,"d":"9,000"}},{"$f":"+'[1]25''02월'!Q38","v":168},{"v":1512000,"d":"1,512,000"},null,null,0,{"v":9000,"d":"9,000"},{"v":8,"d":"8.0"},{"v":72000,"d":"72,000"},null,0,0,{"v":9000,"d":"9,000"},{"v":160,"d":"160.0"},{"v":1440000,"d":"1,440,000"}]
[null,"한국싱클레어(유)","530-87-00797",null,"010-8837-7677",null,null,"기타","실리프팅","실루엣8콘",2,"ea",2,"ea",{"$f":"+'[1]25''02월'!P39","v":{"v":107250,"d":"107,250"}},{"$f":"+'[1]25''02월'!Q39","v":28},{"v":3003000,"d":"3,003,000"},null,null,0,{"v":107250,"d":"107,250"},0,0,null,0,0,{"v":107250,"d":"107,250"},{"v":28,"d":"28.0"},{"v":3003000,"d":"3,003,000"}]
[null,"케어캠프㈜","211-86-94742","황정필","010-6649-8881",null,null,"피부","레이저","울쎄라-DS 10-1.5N",2400,"shot",1,"shot",{"$f":"+'[1]25''02월'!P40","v":{"v":1271,"d":"1,271"}},{"$f":"+'[1]25''02월'!Q40","v":{"v":1106,"d":"1,106"}},{"v":1405726,"d":"1,405,726"},null,null,0,{"v":1271,"d":"1,271"},{"v":1100,"d":"1,100.0"},{"v":1398100,"d":"1,398,100"},null,0,0,{"v":1271,"d":"1,271"},{"$f":"+P41+S41-V41+Y41","v":{"v":6,"d":"6.0"}},{"v":7626,"d":"7,626"}]
[null,"케어캠프㈜","211-86-94742","황정필","010-6649-8881",null,null,"피부",null,null,2400,"shot",1,"shot",{"$f":"+'[1]25''02월'!P41","v":{"v":1121,"d":"1,121"}},{"$f":"+'[1]25''02월'!Q41","v":{"v":12000,"d":"12,000"}},{"v":13452000,"d":"13,452,000"},null,null,0,{"v":1121,"d":"1,121"},0,0,null,0,0,{"v":1121,"d":"1,121"},{"$f":"+P42+S42-V42+Y42","v":{"v":12000,"d":"12,000.0"}},{"v":13452000,"d":"13,452,000"}]
[null,"케어캠프㈜","211-86-94742","황정필","010-6649-8881",null,null,"피부",null,"울쎄라-DS 7-3.0",2400,"shot",1,"shot",{"$f":"+'[1]25''02월'!P42","v":{"v":1121,"d":"1,121"}},{"$f":"+'[1]25''02월'!Q42","v":{"v":1419,"d":"1,419"}},{"v":1590699,"d":"1,590,699"},{"v":1270.83333333,"d":"1,271"},{"v":2400,"d":"2,400"},{"v":3049999.999992,"d":"3,050,000"},{"v":1121,"d":"1,121"},{"v":1419,"d":"1,419.0"},{"v":1590699,"d":"1,590,699"},null,0,0,{"v":1121,"d":"1,121"},{"$f":"+P43+S43-V43+Y43","v":{"v":2400,"d":"2,400.0"}},{"v":2690400,"d":"2,690,400"}]
[null,"케어캠프㈜","211-86-94742","황정필","010-6649-8881",null,null,"피부",null,null,2400,"shot",1,"shot",{"$f":"+'[1]25''02월'!P43","v":{"v":1145.9,"d":"1,146"}},{"$f":"+'[1]25''02월'!Q43","v":{"v":12000,"d":"12,000"}},{"v":13750800.000000002,"d":"13,750,800"},null,null,0,{"v":1146,"d":"1,146"},{"v":5100,"d":"5,100.0"},{"v":5844600,"d":"5,844,600"},null,0,0,{"v":1145.9,"d":"1,146"},{"$f":"+P44+S44-V44+Y44","v":{"v":6900,"d":"6,900.0"}},{"v":7906710.000000001,"d":"7,906,710"}]
[null,"케어캠프㈜","211-86-94742","황정필","010-6649-8881",null,null,"피부",null,"울쎄라-DS 4-4.5",2400,"shot",1,"shot",{"$f":"+'[1]25''02월'!P45","v":{"v":1145.9,"d":"1,146"}},{"$f":"+'[1]25''02월'!Q45","v":{"v":98243,"d":"98,243"}},{"v":112576653.7,"d":"112,576,654"},{"v":1270.83333333,"d":"1,271"},{"v":9600,"d":"9,600"},{"v":12199999.999968,"d":"12,200,000"},{"v":1146,"d":"1,146"},{"v":9600,"d":"9,600.0"},{"v":11001600,"d":"11,001,600"},null,{"v":-86024,"d":"-86,024"},0,{"v":1145.9,"d":"1,146"},{"$f":"+P45+S45-V45+Y45","v":{"v":12219,"d":"12,219.0"}},{"v":14001752.100000001,"d":"14,001,752"},"엑셀 잘못 기입(crm 재고는 맞아요)"]
[null,"㈜클래시스","107-88-39288","확인필요","확인필요",null,null,"비만",null,"울핏6.0",60100,"shot",1,"shot",{"$f":"+'[1]25''02월'!P46","v":22},{"$f":"+'[1]25''02월'!Q46","v":{"v":67892,"d":"67,892"}},{"v":1493624,"d":"1,493,624"},null,null,0,22,{"v":13213,"d":"13,213.0"},{"v":290686,"d":"290,686"},null,{"v":-481,"d":"-481.0"},0,22,{"v":54198,"d":"54,198.0"},{"v":1192356,"d":"1,192,356"},"3월 말 기준 재고 확인 후 정리 / 팁as 이번달 정리"]
[null,"㈜클래시스","107-88-39288","확인필요","확인필요",null,null,"비만",null,"울핏9.0",60100,"shot",1,"shot",{"$f":"+'[1]25''02월'!P47","v":22},{"$f":"+'[1]25''02월'!Q47","v":{"v":69660,"d":"69,660"}},{"v":1532520,"d":"1,532,520"},null,null,0,22,{"v":4403,"d":"4,403.0"},{"v":96866,"d":"96,866"},null,-909,0,22,{"v":64348,"d":"64,348.0"},{"v":1415656,"d":"1,415,656"},"3월 말 기준 재고 확인 후 정리 / 팁as 이번달 정리"]
[null,"㈜지오영","109-81-78726","정상목주임","010-5105-0629",null,null,"피부",null,"써마지 FLX 600샷",600,"shot",600,"shot",{"$f":"+'[1]25''02월'!P48","v":0},{"$f":"+'[1]25''02월'!Q48","v":0},0,{"v":840000,"d":"840,000"},60,{"v":50400000,"d":"50,400,000"},{"v":840000,"d":"840,000"},null,0,null,0,null,0,{"v":60,"d":"60.0"},0]
[null,"㈜지오영","109-81-78726","정상목주임","010-5105-0629",null,null,"피부",null,"써마지 FLX 600샷",600,"shot",600,"shot",{"$f":"+'[1]25''02월'!P49","v":{"v":960000,"d":"960,000"}},{"$f":"+'[1]25''02월'!Q49","v":18},{"v":17280000,"d":"17,280,000"},null,null,0,{"v":960000,"d":"960,000"},{"v":13,"d":"13.0"},{"v":12480000,"d":"12,480,000"},null,0,null,{"v":960000,"d":"960,000"},{"v":5,"d":"5.0"},{"v":4800000,"d":"4,800,000"}]
[null,"㈜지오영","109-81-78726","정상목주임","010-5105-0629",{"$nulls":4},"써마지 FLX 300샷",300,"shot",300,"shot"]
[null,"확인필요","확인필요","확인필요","확인필요",null,null,"기타",null,"멀티블루",10,"cc",10,"cc",{"$f":"+'[1]25''02월'!P50","v":{"v":8800,"d":"8,800"}},{"$f":"+'[1]25''02월'!Q50","v":19},{"v":167200,"d":"167,200"},{"v":8800,"d":"8,800"},25,{"v":220000,"d":"220,000"},{"v":8800,"d":"8,800"},{"v":9,"d":"9.0"},{"v":79200,"d":"79,200"},null,0,0,{"v":8800,"d":"8,800"},{"v":35,"d":"35.0"},{"v":308000,"d":"308,000"}]
[null,"확인필요","확인필요","확인필요","확인필요",null,null,"비만",null,"아르기닌",100,"cc",100,"cc",{"$f":"+'[1]25''02월'!P51","v":{"v":20000,"d":"20,000"}},{"$f":"+'[1]25''02월'!Q51","v":16},{"v":320000,"d":"320,000"},{"v":20000,"d":"20,000"},20,{"v":400000,"d":"400,000"},{"v":20000,"d":"20,000"},{"v":11,"d":"11.0"},{"v":220000,"d":"220,000"},null,0,0,{"v":20000,"d":"20,000"},{"v":25,"d":"25.0"},{"v":500000,"d":"500,000"}]
[null,"확인필요","확인필요","확인필요","확인필요",null,null,"기타",null,"BSC-30",1,"ea",1,"ea",{"$f":"+'[1]25''02월'!P52","v":{"v":170000,"d":"170,000"}},{"$f":"+'[1]25''02월'!Q52","v":3},{"v":510000,"d":"510,000"},null,null,0,{"v":170000,"d":"170,000"},0,0,null,0,0,{"v":170000,"d":"170,000"},{"v":3,"d":"3.0"},{"v":510000,"d":"510,000"}]
[null,"확인필요","확인필요","확인필요","확인필요",null,null,"기타",null,"BSC-60",1,"ea",1,"ea",{"$f":"+'[1]25''02월'!P53","v":{"v":350000,"d":"350,000"}},{"$f":"+'[1]25''02월'!Q53","v":6},{"v":2100000,"d":"2,100,000"},null,null,0,{"v":350000,"d":"350,000"},0,0,null,0,0,{"v":350000,"d":"350,000"},{"v":6,"d":"6.0"},{"v":2100000,"d":"2,100,000"}]
[null,"확인필요","확인필요","확인필요","확인필요",null,null,"기타",null,"BSC-120",1,"ea",1,"ea",{"$f":"+'[1]25''02월'!P54","v":{"v":600000,"d":"600,000"}},{"$f":"+'[1]25''02월'!Q54","v":3},{"v":1800000,"d":"1,800,000"},null,null,0,{"v":600000,"d":"600,000"},0,0,null,0,0,{"v":600000,"d":"600,000"},{"v":3,"d":"3.0"},{"v":1800000,"d":"1,800,000"}]
[null,"소계",{"$nulls":14},{"$f":"SUM(Q6:Q55)","v":{"v":276556398.8,"d":"276,556,399"}},null,null,{"$f":"SUM(T6:T55)","v":{"v":101585334.99996,"d":"101,585,335"}},null,null,{"$f":"SUM(W6:W55)","v":{"v":79900706.6,"d":"79,900,707"}},{"$f":"+U56","v":0},null,{"$f":"SUM(Z6:Z55)","v":0},null,null,{"$f":"SUM(AC6:AC55)","v":{"v":152411046.79999998,"d":"152,411,047"}}]
[null,"유벤타헬스케어",{"$f":"VLOOKUP(B57,$B$6:$C$55,2,0)","v":{"$error":"#N/A"}},{"$f":"VLOOKUP(B57,$B$6:$D$55,3,0)","v":{"$error":"#N/A"}},{"$f":"VLOOKUP(B57,$B$6:$J$55,4,0)","v":{"$error":"#N/A"}},null,null,"피부",null,"NDA플러스",1,"cc",1,"cc",{"$f":"+'[1]25''02월'!P56","v":{"v":15400,"d":"15,400"}},{"$f":"+'[1]25''02월'!Q56","v":55},{"$f":"+O57*P57","v":{"v":847000,"d":"847,000"}},null,null,{"$f":"+R57*S57","v":0},null,null,{"$f":"+U57*V57","v":0},0,null,{"$f":"+X57*Y57","v":0},{"$f":"+O57","v":{"v":15400,"d":"15,400"}},{"$f":"+P57+S57-V57+Y57","v":{"v":55,"d":"55.0"}},{"$f":"+AA57*AB57","v":{"v":847000,"d":"847,000"}}]
[null,"에스테팜",{"$f":"VLOOKUP(B58,$B$6:$C$55,2,0)","v":{"$error":"#N/A"}},{"$f":"VLOOKUP(B58,$B$6:$D$55,3,0)","v":{"$error":"#N/A"}},{"$f":"VLOOKUP(B58,$B$6:$J$55,4,0)","v":{"$error":"#N/A"}},null,null,"피부",null,"큐티셀",1,"ea",1,"ea",{"$f":"+'[1]25''02월'!P57","v":{"v":33000,"d":"33,000"}},{"$f":"+'[1]25''02월'!Q57","v":24},{"v":792000,"d":"792,000"},null,null,0,null,null,0,0,null,0,{"v":33000,"d":"33,000"},{"v":24,"d":"24.0"},{"v":792000,"d":"792,000"}]
[null,"제이시스",{"$f":"VLOOKUP(B59,$B$6:$C$55,2,0)","v":{"$error":"#N/A"}},{"$f":"VLOOKUP(B59,$B$6:$D$55,3,0)","v":{"$error":"#N/A"}},{"$f":"VLOOKUP(B59,$B$6:$J$55,4,0)","v":{"$error":"#N/A"}},null,null,"피부",null,"N-25",1,"ea",1,"ea",{"$f":"+'[1]25''02월'!P58","v":{"v":33000,"d":"33,000"}},{"$f":"+'[1]25''02월'!Q58","v":14},{"v":462000,"d":"462,000"},null,null,0,null,null,0,{"$nulls":3},{"v":33000,"d":"33,000.0"},{"v":14,"d":"14.0"},{"v":462000,"d":"462,000"}]
[null,"제이시스",{"$f":"VLOOKUP(B60,$B$6:$C$55,2,0)","v":{"$error":"#N/A"}},{"$f":"VLOOKUP(B60,$B$6:$D$55,3,0)","v":{"$error":"#N/A"}},{"$f":"VLOOKUP(B60,$B$6:$J$55,4,0)","v":{"$error":"#N/A"}},null,null,"피부",null,"I-25",1,"ea",1,"ea",{"$f":"+'[1]25''02월'!P59","v":{"v":33000,"d":"33,000"}},{"$f":"+'[1]25''02월'!Q59","v":7},{"v":231000,"d":"231,000"},null,null,0,null,null,0,0,null,null,{"v":33000,"d":"33,000.0"},{"v":7,"d":"7.0"},{"v":231000,"d":"231,000"}]
[null,"제이시스",{"$f":"VLOOKUP(B61,$B$6:$C$55,2,0)","v":{"$error":"#N/A"}},{"$f":"VLOOKUP(B61,$B$6:$D$55,3,0)","v":{"$error":"#N/A"}},{"$f":"VLOOKUP(B61,$B$6:$J$55,4,0)","v":{"$error":"#N/A"}},null,null,"피부",null,"CP-25",1,"ea",1,"ea",{"$f":"+'[1]25''02월'!P60","v":{"v":49000,"d":"49,000"}},{"$f":"+'[1]25''02월'!Q60","v":38},{"v":1862000,"d":"1,862,000"},null,null,0,null,null,0,0,null,null,{"v":49000,"d":"49,000.0"},{"v":38,"d":"38.0"},{"v":1862000,"d":"1,862,000"}]
[null,"제이시스",{"$f":"VLOOKUP(B62,$B$6:$C$55,2,0)","v":{"$error":"#N/A"}},{"$f":"VLOOKUP(B62,$B$6:$D$55,3,0)","v":{"$error":"#N/A"}},{"$f":"VLOOKUP(B62,$B$6:$J$55,4,0)","v":{"$error":"#N/A"}},null,null,"피부",null,"DDR",5000,"ea",1,"ea",{"$f":"+'[1]25''02월'!P61","v":44},{"$f":"+'[1]25''02월'!Q61","v":{"v":7954,"d":"7,954"}},{"v":349976,"d":"349,976"},null,null,0,null,null,0,{"$nulls":3},{"v":44,"d":"44.0"},{"v":7954,"d":"7,954.0"},{"v":349976,"d":"349,976"}]
[null,"제이시스",{"$f":"VLOOKUP(B63,$B$6:$C$55,2,0)","v":{"$error":"#N/A"}},{"$f":"VLOOKUP(B63,$B$6:$D$55,3,0)","v":{"$error":"#N/A"}},{"$f":"VLOOKUP(B63,$B$6:$J$55,4,0)","v":{"$error":"#N/A"}},null,null,"피부",null,"DIA",10000,"ea",1,"ea",{"$f":"+'[1]25''02월'!P62","v":165},{"$f":"+'[1]25''02월'!Q62","v":{"v":10901,"d":"10,901"}},{"v":1798665,"d":"1,798,665"},null,null,0,null,null,0,0,null,null,165,{"v":10901,"d":"10,901.0"},{"v":1798665,"d":"1,798,665"}]
[null,"제이시스",{"$f":"VLOOKUP(B64,$B$6:$C$55,2,0)","v":{"$error":"#N/A"}},{"$f":"VLOOKUP(B64,$B$6:$D$55,3,0)","v":{"$error":"#N/A"}},{"$f":"VLOOKUP(B64,$B$6:$J$55,4,0)","v":{"$error":"#N/A"}},null,null,"피부",null,"포텐자 젤(s.v)","확인필요","확인필요","확인필요","확인필요",0,4,0,null,null,0,0,0,0,null,null,0,0,{"v":4,"d":"4.0"},0]
[null,"은성메디컬",{"$f":"VLOOKUP(B65,$B$6:$C$55,2,0)","v":{"$error":"#N/A"}},{"$f":"VLOOKUP(B65,$B$6:$D$55,3,0)","v":{"$error":"#N/A"}},"010-5323-3196",null,null,"피부",null,"듀엣써마지 팁",1,"ea",1,"ea",{"$f":"+'[1]25''02월'!P64","v":11},{"$f":"+'[1]25''02월'!Q64","v":{"v":3153,"d":"3,153"}},{"v":34683,"d":"34,683"},null,null,0,null,null,0,0,null,0,11,{"v":3153,"d":"3,153.0"},{"v":34683,"d":"34,683"}]
[null,"은성메디컬",{"$f":"VLOOKUP(B66,$B$6:$C$55,2,0)","v":{"$error":"#N/A"}},{"$f":"VLOOKUP(B66,$B$6:$D$55,3,0)","v":{"$error":"#N/A"}},"010-5323-3196",null,null,"피부",null,"듀엣써마지 패드",1,"ea",1,"ea",{"$f":"+'[1]25''02월'!P65","v":{"v":5500,"d":"5,500"}},{"$f":"+'[1]25''02월'!Q65","v":19},{"v":104500,"d":"104,500"},null,null,0,null,null,0,0,null,0,{"v":5500,"d":"5,500"},{"v":19,"d":"19.0"},{"v":104500,"d":"104,500"}]
[null,"㈜클래시스",{"$f":"VLOOKUP(B67,$B$6:$C$55,2,0)","v":"107-88-39288"},{"$f":"VLOOKUP(B67,$B$6:$D$55,3,0)","v":"확인필요"},{"$f":"VLOOKUP(B67,$B$6:$J$55,4,0)","v":"확인필요"},null,null,"피부",null,"슈링크U L-4.5(2만)",20100,"샷",1,"샷",{"$f":"+'[1]25''02월'!P66","v":110},{"$f":"+'[1]25''02월'!Q66","v":{"v":48505,"d":"48,505"}},{"v":5335550,"d":"5,335,550"},null,null,0,null,null,{"$f":"+U67*V67","v":0},{"$nulls":3},110,{"v":48505,"d":"48,505.0"},{"v":5335550,"d":"5,335,550"}]
[null,"㈜클래시스",{"$f":"VLOOKUP(B68,$B$6:$C$55,2,0)","v":"107-88-39288"},{"$f":"VLOOKUP(B68,$B$6:$D$55,3,0)","v":"확인필요"},{"$f":"VLOOKUP(B68,$B$6:$J$55,4,0)","v":"확인필요"},null,null,"피부",null,"슈링크U C-3.0(2만)",20100,"샷",1,"샷",{"$f":"+'[1]25''02월'!P67","v":110},{"$f":"+'[1]25''02월'!Q67","v":{"v":45443,"d":"45,443"}},{"v":4998730,"d":"4,998,730"},null,null,0,null,null,0,{"$nulls":3},110,{"v":45443,"d":"45,443.0"},{"v":4998730,"d":"4,998,730"}]
[null,"㈜클래시스",{"$f":"VLOOKUP(B69,$B$6:$C$55,2,0)","v":"107-88-39288"},{"$f":"VLOOKUP(B69,$B$6:$D$55,3,0)","v":"확인필요"},{"$f":"VLOOKUP(B69,$B$6:$J$55,4,0)","v":"확인필요"},null,null,"피부",null,"슈링크U I-.2.0(2만)",20100,"샷",1,"샷",{"$f":"+'[1]25''02월'!P68","v":110},{"$f":"+'[1]25''02월'!Q68","v":{"v":11690,"d":"11,690"}},{"v":1285900,"d":"1,285,900"},null,null,0,null,null,0,0,null,0,110,{"v":11690,"d":"11,690.0"},{"v":1285900,"d":"1,285,900"}]
[null,"㈜클래시스",{"$f":"VLOOKUP(B70,$B$6:$C$55,2,0)","v":"107-88-39288"},{"$f":"VLOOKUP(B70,$B$6:$D$55,3,0)","v":"확인필요"},{"$f":"VLOOKUP(B70,$B$6:$J$55,4,0)","v":"확인필요"},null,null,"피부",null,"슈링크B L-.4.5",100,"샷",1,"샷",{"$f":"+'[1]25''02월'!P69","v":87},{"$f":"+'[1]25''02월'!Q69","v":{"v":3682,"d":"3,682"}},{"v":320334,"d":"320,334"},null,null,0,null,null,{"$f":"+U70*V70","v":0},0,null,0,87,{"v":3682,"d":"3,682.0"},{"v":320334,"d":"320,334"}]
[null,"㈜클래시스",{"$f":"VLOOKUP(B71,$B$6:$C$55,2,0)","v":"107-88-39288"},{"$f":"VLOOKUP(B71,$B$6:$D$55,3,0)","v":"확인필요"},{"$f":"VLOOKUP(B71,$B$6:$J$55,4,0)","v":"확인필요"},null,null,"피부",null,"슈링크B D-1.5",100,"샷",1,"샷",{"$f":"+'[1]25''02월'!P70","v":87},{"$f":"+'[1]25''02월'!Q70","v":{"v":1527,"d":"1,527"}},{"v":132849,"d":"132,849"},null,null,0,null,null,{"$f":"+U71*V71","v":0},0,null,0,87,{"v":1527,"d":"1,527.0"},{"v":132849,"d":"132,849"}]
[null,"㈜클래시스",{"$f":"VLOOKUP(B72,$B$6:$C$55,2,0)","v":"107-88-39288"},{"$f":"VLOOKUP(B72,$B$6:$D$55,3,0)","v":"확인필요"},{"$f":"VLOOKUP(B72,$B$6:$J$55,4,0)","v":"확인필요"},null,null,"피부",null,"슈링크B L-4.5(2만)",100,"샷",1,"샷",{"$f":"+'[1]25''02월'!P71","v":87},{"$f":"+'[1]25''02월'!Q71","v":0},0,null,null,0,null,null,0,0,null,0,87,0,0]
[null,"㈜클래시스",{"$f":"VLOOKUP(B73,$B$6:$C$55,2,0)","v":"107-88-39288"},{"$f":"VLOOKUP(B73,$B$6:$D$55,3,0)","v":"확인필요"},{"$f":"VLOOKUP(B73,$B$6:$J$55,4,0)","v":"확인필요"},null,null,"피부",null,"슈링크B C-3.0(2만)",100,"샷",1,"샷",{"$f":"+'[1]25''02월'!P72","v":87},{"$f":"+'[1]25''02월'!Q72","v":{"v":15570,"d":"15,570"}},{"v":1354590,"d":"1,354,590"},null,null,0,null,null,0,0,null,0,87,{"v":15570,"d":"15,570.0"},{"v":1354590,"d":"1,354,590"}]
[null,"㈜클래시스",{"$f":"VLOOKUP(B74,$B$6:$C$55,2,0)","v":"107-88-39288"},{"$f":"VLOOKUP(B74,$B$6:$D$55,3,0)","v":"확인필요"},{"$f":"VLOOKUP(B74,$B$6:$J$55,4,0)","v":"확인필요"},null,null,"피부",null,"슈링크B D-1.5(2만)",100,"샷",1,"샷",{"$f":"+'[1]25''02월'!P73","v":87},{"$f":"+'[1]25''02월'!Q73","v":0},0,null,null,0,null,null,0,0,null,0,87,0,0]
[null,"㈜클래시스",{"$f":"VLOOKUP(B75,$B$6:$C$55,2,0)","v":"107-88-39288"},{"$f":"VLOOKUP(B75,$B$6:$D$55,3,0)","v":"확인필요"},{"$f":"VLOOKUP(B75,$B$6:$J$55,4,0)","v":"확인필요"},null,null,"피부",null,"GT38앰플",1,"ea",1,"cc",{"$f":"+'[1]25''02월'!P74","v":{"v":5000,"d":"5,000"}},{"$f":"+'[1]25''02월'!Q74","v":34},{"v":170000,"d":"170,000"},null,null,0,null,null,0,0,null,0,{"v":5000,"d":"5,000"},{"v":34,"d":"34.0"},{"v":170000,"d":"170,000"}]
[null,"하이로닉",{"$f":"VLOOKUP(B76,$B$6:$C$55,2,0)","v":{"$error":"#N/A"}},{"$f":"VLOOKUP(B76,$B$6:$D$55,3,0)","v":{"$error":"#N/A"}},{"$f":"VLOOKUP(B76,$B$6:$J$55,4,0)","v":{"$error":"#N/A"}},null,null,"피부",null,"더블로M7","확인필요","확인필요","확인필요","확인필요",{"$f":"+'[1]25''02월'!P75","v":104},{"$f":"+'[1]25''02월'!Q75","v":{"v":12513,"d":"12,513"}},{"v":1301352,"d":"1,301,352"},null,null,0,null,null,0,0,null,{"$f":"+X76*Y76","v":0},104,{"v":12513,"d":"12,513.0"},{"v":1301352,"d":"1,301,352"}]
[null,"하이로닉",{"$f":"VLOOKUP(B77,$B$6:$C$55,2,0)","v":{"$error":"#N/A"}},{"$f":"VLOOKUP(B77,$B$6:$D$55,3,0)","v":{"$error":"#N/A"}},{"$f":"VLOOKUP(B77,$B$6:$J$55,4,0)","v":{"$error":"#N/A"}},null,null,"피부",null,"더블러D4","확인필요","확인필요","확인필요","확인필요",{"$f":"+'[1]25''02월'!P76","v":104},{"$f":"+'[1]25''02월'!Q76","v":721},{"v":74984,"d":"74,984"},null,null,0,null,null,0,0,null,{"$f":"+X77*Y77","v":0},104,{"v":721,"d":"721.0"},{"v":74984,"d":"74,984"}]
[null,"에이치투메디",{"$f":"VLOOKUP(B78,$B$6:$C$55,2,0)","v":{"$error":"#N/A"}},{"$f":"VLOOKUP(B78,$B$6:$D$55,3,0)","v":{"$error":"#N/A"}},{"$f":"VLOOKUP(B78,$B$6:$J$55,4,0)","v":{"$error":"#N/A"}},null,null,"피부",null,"라라필 폼클렌져",1,"ea",1,"ea",{"$f":"+'[1]25''02월'!P77","v":{"v":29700,"d":"29,700"}},{"$f":"+'[1]25''02월'!Q77","v":1},{"v":29700,"d":"29,700"},null,null,0,null,null,0,0,null,null,{"v":29700,"d":"29,700"},{"v":1,"d":"1.0"},{"v":29700,"d":"29,700"}]
[null,"에이치투메디",{"$f":"VLOOKUP(B79,$B$6:$C$55,2,0)","v":{"$error":"#N/A"}},{"$f":"VLOOKUP(B79,$B$6:$D$55,3,0)","v":{"$error":"#N/A"}},{"$f":"VLOOKUP(B79,$B$6:$J$55,4,0)","v":{"$error":"#N/A"}},null,null,"피부",null,"라라필 1제",1,"ea",1,"ea",{"$f":"+'[1]25''02월'!P78","v":{"v":55000,"d":"55,000"}},{"$f":"+'[1]25''02월'!Q78","v":2},{"v":110000,"d":"110,000"},null,null,0,null,null,0,{"$nulls":3},{"v":55000,"d":"55,000"},{"v":2,"d":"2.0"},{"v":110000,"d":"110,000"}]
[null,"에이치투메디",{"$f":"VLOOKUP(B80,$B$6:$C$55,2,0)","v":{"$error":"#N/A"}},{"$f":"VLOOKUP(B80,$B$6:$D$55,3,0)","v":{"$error":"#N/A"}},{"$f":"VLOOKUP(B80,$B$6:$J$55,4,0)","v":{"$error":"#N/A"}},null,null,"피부",null,"라라필 2제",1,"ea",1,"ea",{"$f":"+'[1]25''02월'!P80","v":{"v":55000,"d":"55,000"}},{"$f":"+'[1]25''02월'!Q80","v":4},{"v":220000,"d":"220,000"},null,null,0,{"$nulls":6},{"v":55000,"d":"55,000"},{"v":4,"d":"4.0"},{"v":220000,"d":"220,000"}]
[null,"에이치투메디",{"$f":"VLOOKUP(B81,$B$6:$C$55,2,0)","v":{"$error":"#N/A"}},{"$f":"VLOOKUP(B81,$B$6:$D$55,3,0)","v":{"$error":"#N/A"}},{"$f":"VLOOKUP(B81,$B$6:$J$55,4,0)","v":{"$error":"#N/A"}},null,null,"피부",null,"라라필 마스크팩",1,"ea",1,"ea",{"$f":"+'[1]25''02월'!P82","v":{"v":4125,"d":"4,125"}},{"$f":"+'[1]25''02월'!Q82","v":37},{"v":152625,"d":"152,625"},null,null,0,null,null,0,{"$nulls":3},{"v":4125,"d":"4,125"},{"v":37,"d":"37.0"},{"v":152625,"d":"152,625"}]
[null,"확인필요",{"$f":"VLOOKUP(B82,$B$6:$C$55,2,0)","v":"확인필요"},{"$f":"VLOOKUP(B82,$B$6:$D$55,3,0)","v":"확인필요"},{"$f":"VLOOKUP(B82,$B$6:$J$55,4,0)","v":"확인필요"},null,null,"피부",null,"라라젯 x로션 1",1,"ea",1,"ea",{"$f":"+'[1]25''02월'!P83","v":{"v":55000,"d":"55,000"}},{"$f":"+'[1]25''02월'!Q83","v":3},{"v":165000,"d":"165,000"},null,null,0,null,null,0,{"$nulls":3},{"v":55000,"d":"55,000"},{"v":3,"d":"3.0"},{"v":165000,"d":"165,000"}]
[null,"㈜엠제이메디컬",{"$f":"VLOOKUP(B83,$B$6:$C$55,2,0)","v":{"$error":"#N/A"}},"이만재 대표","010-4420-1825",null,null,"피부",null,"라라젯 s1",1,"ea",1,"ea",{"$f":"+'[1]25''02월'!P84","v":{"v":55000,"d":"55,000"}},{"$f":"+'[1]25''02월'!Q84","v":1},{"v":55000,"d":"55,000"},null,null,0,null,null,0,0,null,null,{"v":55000,"d":"55,000"},{"v":1,"d":"1.0"},{"v":55000,"d":"55,000"}]
[null,"㈜엠제이메디컬",{"$f":"VLOOKUP(B84,$B$6:$C$55,2,0)","v":{"$error":"#N/A"}},"이만재 대표","010-4420-1825",null,null,"피부",null,"라라젯 s2",1,"ea",1,"ea",{"$f":"+'[1]25''02월'!P85","v":{"v":55000,"d":"55,000"}},{"$f":"+'[1]25''02월'!Q85","v":3},{"v":165000,"d":"165,000"},null,null,0,null,null,0,0,null,null,{"v":55000,"d":"55,000"},{"v":3,"d":"3.0"},{"v":165000,"d":"165,000"}]
[null,"㈜엠제이메디컬",{"$f":"VLOOKUP(B85,$B$6:$C$55,2,0)","v":{"$error":"#N/A"}},"이만재 대표","010-4420-1825",null,null,"피부",null,"라라젯 s3",1,"ea",1,"ea",{"$f":"+'[1]25''02월'!P86","v":{"v":55000,"d":"55,000"}},{"$f":"+'[1]25''02월'!Q86","v":1},{"v":55000,"d":"55,000"},null,null,0,null,null,0,0,null,null,{"v":55000,"d":"55,000"},{"v":1,"d":"1.0"},{"v":55000,"d":"55,000"}]
[null,"㈜엠제이메디컬",{"$f":"VLOOKUP(B86,$B$6:$C$55,2,0)","v":{"$error":"#N/A"}},"이만재 대표","010-4420-1825",null,null,"피부",null,"라라젯 팁",1,"ea",1,"ea",{"$f":"+'[1]25''02월'!P87","v":{"v":2750,"d":"2,750"}},{"$f":"+'[1]25''02월'!Q87","v":39},{"v":107250,"d":"107,250"},null,null,0,null,null,0,{"$nulls":3},{"v":2750,"d":"2,750"},{"v":39,"d":"39.0"},{"v":107250,"d":"107,250"}]
[null,"㈜엠제이메디컬",{"$f":"VLOOKUP(B87,$B$6:$C$55,2,0)","v":{"$error":"#N/A"}},"이만재 대표","010-4420-1825",null,null,"피부",null,"아쿠아필S1",1,"ea",1,"ea",{"$f":"+'[1]25''02월'!P88","v":{"v":11000,"d":"11,000"}},{"$f":"+'[1]25''02월'!Q88","v":10},{"v":110000,"d":"110,000"},null,null,0,null,null,0,0,null,0,{"v":11000,"d":"11,000"},{"v":10,"d":"10.0"},{"v":110000,"d":"110,000"}]
[null,"㈜엠제이메디컬",{"$f":"VLOOKUP(B88,$B$6:$C$55,2,0)","v":{"$error":"#N/A"}},"이만재 대표","010-4420-1825",null,null,"피부",null,"아쿠아필S2",1,"ea",1,"ea",{"$f":"+'[1]25''02월'!P89","v":{"v":11000,"d":"11,000"}},{"$f":"+'[1]25''02월'!Q89","v":15},{"v":165000,"d":"165,000"},null,null,0,null,null,0,0,null,0,{"v":11000,"d":"11,000"},{"v":15,"d":"15.0"},{"v":165000,"d":"165,000"}]
[null,"㈜엠제이메디컬",{"$f":"VLOOKUP(B89,$B$6:$C$55,2,0)","v":{"$error":"#N/A"}},"이만재 대표","010-4420-1825",null,null,"피부",null,"아쿠아필S3",1,"ea",1,"ea",{"$f":"+'[1]25''02월'!P90","v":{"v":11000,"d":"11,000"}},{"$f":"+'[1]25''02월'!Q90","v":9},{"v":99000,"d":"99,000"},null,null,0,null,null,0,0,null,0,{"v":11000,"d":"11,000"},{"v":9,"d":"9.0"},{"v":99000,"d":"99,000"}]
[null,"㈜엠제이메디컬",{"$f":"VLOOKUP(B90,$B$6:$C$55,2,0)","v":{"$error":"#N/A"}},"이만재 대표","010-4420-1825",null,null,"피부",null,"디아지팁(인트라셀)",1,"ea",1,"ea",{"$f":"+'[1]25''02월'!P91","v":{"v":22000,"d":"22,000"}},{"$f":"+'[1]25''02월'!Q91","v":15},{"v":330000,"d":"330,000"},null,null,0,null,null,0,0,null,0,{"v":22000,"d":"22,000"},{"v":15,"d":"15.0"},{"v":330000,"d":"330,000"}]
[null,"㈜엠제이메디컬",{"$f":"VLOOKUP(B91,$B$6:$C$55,2,0)","v":{"$error":"#N/A"}},"이만재 대표","010-4420-1825",null,null,"피부",null,"PDT",1,"ea",1,"ea",{"$f":"+'[1]25''02월'!P92","v":{"v":14850,"d":"14,850"}},{"$f":"+'[1]25''02월'!Q92","v":29},{"v":430650,"d":"430,650"},null,null,0,null,null,0,0,null,0,{"v":14850,"d":"14,850"},{"v":29,"d":"29.0"},{"v":430650,"d":"430,650"}]
[null,"원진메디팜",{"$f":"VLOOKUP(B92,$B$6:$C$55,2,0)","v":{"$error":"#N/A"}},{"$f":"VLOOKUP(B92,$B$6:$D$55,3,0)","v":{"$error":"#N/A"}},{"$f":"VLOOKUP(B92,$B$6:$J$55,4,0)","v":{"$error":"#N/A"}},null,null,"피부",null,"골드PTT",1,"ea",1,"ea",{"$f":"+'[1]25''02월'!P93","v":{"v":29333,"d":"29,333"}},{"$f":"+'[1]25''02월'!Q93","v":23},{"v":674659,"d":"674,659"},null,null,0,null,null,0,0,null,0,{"v":29333,"d":"29,333"},{"v":23,"d":"23.0"},{"v":674659,"d":"674,659"}]
[null,"더메스테릭스",{"$f":"VLOOKUP(B93,$B$6:$C$55,2,0)","v":{"$error":"#N/A"}},{"$f":"VLOOKUP(B93,$B$6:$D$55,3,0)","v":{"$error":"#N/A"}},{"$f":"VLOOKUP(B93,$B$6:$J$55,4,0)","v":{"$error":"#N/A"}},null,null,"피부",null,"산소필1-젤",1,"ea",1,"ea",{"$f":"+'[1]25''02월'!P94","v":{"v":75000,"d":"75,000"}},{"$f":"+'[1]25''02월'!Q94","v":1},{"v":75000,"d":"75,000"},null,null,0,null,null,0,0,null,0,{"v":75000,"d":"75,000"},{"v":1,"d":"1.0"},{"v":75000,"d":"75,000"}]
[null,"더메스테릭스",{"$f":"VLOOKUP(B94,$B$6:$C$55,2,0)","v":{"$error":"#N/A"}},{"$f":"VLOOKUP(B94,$B$6:$D$55,3,0)","v":{"$error":"#N/A"}},{"$f":"VLOOKUP(B94,$B$6:$J$55,4,0)","v":{"$error":"#N/A"}},null,null,"피부",null,"산소필2-젤",1,"ea",1,"ea",{"$f":"+'[1]25''02월'!P95","v":{"v":75000,"d":"75,000"}},{"$f":"+'[1]25''02월'!Q95","v":0},0,null,null,0,null,null,0,0,null,0,{"v":75000,"d":"75,000"},0,0]
[null,"더메스테릭스",{"$f":"VLOOKUP(B95,$B$6:$C$55,2,0)","v":{"$error":"#N/A"}},{"$f":"VLOOKUP(B95,$B$6:$D$55,3,0)","v":{"$error":"#N/A"}},{"$f":"VLOOKUP(B95,$B$6:$J$55,4,0)","v":{"$error":"#N/A"}},null,null,"피부",null,"비타민C파우더",1,"ea",1,"ea",{"v":89000,"d":"89,000"},0,0,null,null,0,{"v":89000,"d":"89,000"},0,0,{"v":89000,"d":"89,000"},null,0,{"v":89000,"d":"89,000"},0,0]
[null,"쎄라덤",{"$f":"VLOOKUP(B96,$B$6:$C$55,2,0)","v":{"$error":"#N/A"}},{"$f":"VLOOKUP(B96,$B$6:$D$55,3,0)","v":{"$error":"#N/A"}},{"$f":"VLOOKUP(B96,$B$6:$J$55,4,0)","v":{"$error":"#N/A"}},null,null,"피부",null,"씨위드 크림팩",1,"ea",1,"ea",{"$f":"+'[1]25''02월'!P97","v":{"v":44000,"d":"44,000"}},{"$f":"+'[1]25''02월'!Q97","v":1},{"v":44000,"d":"44,000"},null,null,0,null,null,0,0,null,0,{"v":44000,"d":"44,000"},{"v":1,"d":"1.0"},{"v":44000,"d":"44,000"}]
[null,"쎄라덤",{"$f":"VLOOKUP(B97,$B$6:$C$55,2,0)","v":{"$error":"#N/A"}},{"$f":"VLOOKUP(B97,$B$6:$D$55,3,0)","v":{"$error":"#N/A"}},{"$f":"VLOOKUP(B97,$B$6:$J$55,4,0)","v":{"$error":"#N/A"}},null,null,"피부",null,"아세로라크림팩",1,"ea",1,"ea",{"$f":"+'[1]25''02월'!P98","v":{"v":44000,"d":"44,000"}},{"$f":"+'[1]25''02월'!Q98","v":1},{"v":44000,"d":"44,000"},null,null,0,null,null,0,0,null,0,{"v":44000,"d":"44,000"},{"v":1,"d":"1.0"},{"v":44000,"d":"44,000"}]
[null,"쎄라덤",{"$f":"VLOOKUP(B98,$B$6:$C$55,2,0)","v":{"$error":"#N/A"}},{"$f":"VLOOKUP(B98,$B$6:$D$55,3,0)","v":{"$error":"#N/A"}},{"$f":"VLOOKUP(B98,$B$6:$J$55,4,0)","v":{"$error":"#N/A"}},null,null,"피부",null,"야쥴렌크림팩",1,"ea",1,"ea",{"$f":"+'[1]25''02월'!P99","v":{"v":44000,"d":"44,000"}},{"$f":"+'[1]25''02월'!Q99","v":0},0,null,null,0,null,null,0,0,null,0,{"v":44000,"d":"44,000"},0,0]
[null,"쎄라덤",{"$f":"VLOOKUP(B99,$B$6:$C$55,2,0)","v":{"$error":"#N/A"}},{"$f":"VLOOKUP(B99,$B$6:$D$55,3,0)","v":{"$error":"#N/A"}},{"$f":"VLOOKUP(B99,$B$6:$J$55,4,0)","v":{"$error":"#N/A"}},null,null,"피부",null,"캄퍼크림팩",1,"ea",1,"ea",{"$f":"+'[1]25''02월'!P100","v":{"v":44000,"d":"44,000"}},{"$f":"+'[1]25''02월'!Q100","v":0},0,null,null,0,null,null,0,0,null,0,{"v":44000,"d":"44,000"},0,0]
[null,"확인필요",{"$f":"VLOOKUP(B100,$B$6:$C$55,2,0)","v":"확인필요"},{"$f":"VLOOKUP(B100,$B$6:$D$55,3,0)","v":"확인필요"},{"$f":"VLOOKUP(B100,$B$6:$J$55,4,0)","v":"확인필요"},null,null,"피부",null,"데콘겔",1,"ea",1,"ea",{"$f":"+'[1]25''02월'!P101","v":{"v":18700,"d":"18,700"}},{"$f":"+'[1]25''02월'!Q101","v":0},0,null,null,0,null,null,0,0,null,0,{"v":18700,"d":"18,700"},0,0]
[null,"쎄라덤",{"$f":"VLOOKUP(B101,$B$6:$C$55,2,0)","v":{"$error":"#N/A"}},{"$f":"VLOOKUP(B101,$B$6:$D$55,3,0)","v":{"$error":"#N/A"}},{"$f":"VLOOKUP(B101,$B$6:$J$55,4,0)","v":{"$error":"#N/A"}},null,null,"피부",null,"블랙필",1,"ea",1,"ea",{"$f":"+'[1]25''02월'!P102","v":{"v":73333,"d":"73,333"}},{"$f":"+'[1]25''02월'!Q102","v":3},{"v":219999,"d":"219,999"},null,null,0,null,null,0,0,null,0,{"v":73333,"d":"73,333"},{"v":3,"d":"3.0"},{"v":219999,"d":"219,999"}]
[null,"쎄라덤",{"$f":"VLOOKUP(B102,$B$6:$C$55,2,0)","v":{"$error":"#N/A"}},{"$f":"VLOOKUP(B102,$B$6:$D$55,3,0)","v":{"$error":"#N/A"}},{"$f":"VLOOKUP(B102,$B$6:$J$55,4,0)","v":{"$error":"#N/A"}},null,null,"피부",null,"그린티중화제",1,"ea",1,"ea",{"$f":"+'[1]25''02월'!P103","v":{"v":27500,"d":"27,500"}},{"$f":"+'[1]25''02월'!Q103","v":2},{"v":55000,"d":"55,000"},null,null,0,null,null,0,0,null,0,{"v":27500,"d":"27,500"},{"v":2,"d":"2.0"},{"v":55000,"d":"55,000"}]
[null,"쎄라덤",{"$f":"VLOOKUP(B103,$B$6:$C$55,2,0)","v":{"$error":"#N/A"}},{"$f":"VLOOKUP(B103,$B$6:$D$55,3,0)","v":{"$error":"#N/A"}},{"$f":"VLOOKUP(B103,$B$6:$J$55,4,0)","v":{"$error":"#N/A"}},null,null,"피부",null,"GA 40%",1,"ea",1,"ea",{"$f":"+'[1]25''02월'!P104","v":{"v":75200,"d":"75,200"}},{"$f":"+'[1]25''02월'!Q104","v":1},{"v":75200,"d":"75,200"},null,null,0,null,null,0,0,null,0,{"v":75200,"d":"75,200"},{"v":1,"d":"1.0"},{"v":75200,"d":"75,200"}]
[null,"C&K",{"$f":"VLOOKUP(B104,$B$6:$C$55,2,0)","v":{"$error":"#N/A"}},{"$f":"VLOOKUP(B104,$B$6:$D$55,3,0)","v":{"$error":"#N/A"}},{"$f":"VLOOKUP(B104,$B$6:$J$55,4,0)","v":{"$error":"#N/A"}},null,null,"피부",null,"벨벳M",1,"ea",1,"ea",{"$f":"+'[1]25''02월'!P105","v":{"v":8500,"d":"8,500"}},{"$f":"+'[1]25''02월'!Q105","v":84},{"v":714000,"d":"714,000"},null,null,0,null,null,0,0,null,0,{"v":8500,"d":"8,500"},{"v":84,"d":"84.0"},{"v":714000,"d":"714,000"}]
[null,"히스토랩",{"$f":"VLOOKUP(B105,$B$6:$C$55,2,0)","v":{"$error":"#N/A"}},"성기문 팀장","010-8502-1669",null,null,"기타",null,"K크림(멍크림)",1,"ea",1,"ea",0,2,0,null,null,0,0,0,0,0,null,0,0,{"v":2,"d":"2.0"},0]
[null,"히스토랩",{"$f":"VLOOKUP(B106,$B$6:$C$55,2,0)","v":{"$error":"#N/A"}},"성기문 팀장","010-8502-1669",null,null,"기타",null,"밀크클렌져",1,"ea",1,"ea",{"$f":"+'[1]25''02월'!P107","v":{"v":32857.1428,"d":"32,857"}},{"$f":"+'[1]25''02월'!Q107","v":6},{"v":197142.8568,"d":"197,143"},null,null,0,null,null,0,{"$nulls":3},{"v":32857.1428,"d":"32,857"},{"v":6,"d":"6.0"},{"v":197142.8568,"d":"197,143"}]
[null,"히스토랩",{"$f":"VLOOKUP(B107,$B$6:$C$55,2,0)","v":{"$error":"#N/A"}},"성기문 팀장","010-8502-1669",null,null,"기타",null,"폼클렌저",1,"ea",1,"ea",{"$f":"+'[1]25''02월'!P108","v":{"v":30000,"d":"30,000"}},{"$f":"+'[1]25''02월'!Q108","v":3},{"v":90000,"d":"90,000"},null,null,0,null,null,0,0,null,0,{"v":30000,"d":"30,000"},{"v":3,"d":"3.0"},{"v":90000,"d":"90,000"}]
[null,"히스토랩",{"$f":"VLOOKUP(B108,$B$6:$C$55,2,0)","v":{"$error":"#N/A"}},"성기문 팀장","010-8502-1669",null,null,"기타",null,"클리어로션",1,"ea",1,"ea",{"$f":"+'[1]25''02월'!P109","v":{"v":53600,"d":"53,600"}},{"$f":"+'[1]25''02월'!Q109","v":0},0,null,null,0,null,null,0,0,null,0,{"v":53600,"d":"53,600"},0,0]
[null,"히스토랩",{"$f":"VLOOKUP(B109,$B$6:$C$55,2,0)","v":{"$error":"#N/A"}},"성기문 팀장","010-8502-1669",null,null,"피부",null,"이온토비타민",1,"ea",1,"ea",{"$f":"+'[1]25''02월'!P110","v":{"v":2500,"d":"2,500"}},{"$f":"+'[1]25''02월'!Q110","v":10},{"v":25000,"d":"25,000"},null,null,0,null,null,0,0,null,0,{"v":2500,"d":"2,500"},{"v":10,"d":"10.0"},{"v":25000,"d":"25,000"}]
[null,"아일글로벌",{"$f":"VLOOKUP(B110,$B$6:$C$55,2,0)","v":{"$error":"#N/A"}},{"$f":"VLOOKUP(B110,$B$6:$D$55,3,0)","v":{"$error":"#N/A"}},{"$f":"VLOOKUP(B110,$B$6:$J$55,4,0)","v":{"$error":"#N/A"}},null,null,"피부",null,"여우필아클레스필",1,"ea",1,"ea",{"v":72600,"d":"72,600"},0,0,null,null,0,{"v":72600,"d":"72,600"},0,0,{"v":72600,"d":"72,600"},null,0,{"v":72600,"d":"72,600"},0,0]
[null,"아일글로벌",{"$f":"VLOOKUP(B111,$B$6:$C$55,2,0)","v":{"$error":"#N/A"}},{"$f":"VLOOKUP(B111,$B$6:$D$55,3,0)","v":{"$error":"#N/A"}},{"$f":"VLOOKUP(B111,$B$6:$J$55,4,0)","v":{"$error":"#N/A"}},null,null,"피부",null,"여우필멜라리스필",1,"ea",1,"ea",{"v":84700,"d":"84,700"},0,0,null,null,0,{"v":84700,"d":"84,700"},0,0,{"v":84700,"d":"84,700"},null,0,{"v":84700,"d":"84,700"},0,0]
[null,"아일글로벌",{"$f":"VLOOKUP(B112,$B$6:$C$55,2,0)","v":{"$error":"#N/A"}},{"$f":"VLOOKUP(B112,$B$6:$D$55,3,0)","v":{"$error":"#N/A"}},{"$f":"VLOOKUP(B112,$B$6:$J$55,4,0)","v":{"$error":"#N/A"}},null,null,"피부",null,"여우필옥시젠부스터",1,"ea",1,"ea",{"v":68200,"d":"68,200"},0,0,null,null,0,{"v":68200,"d":"68,200"},0,0,{"v":68200,"d":"68,200"},null,0,{"v":68200,"d":"68,200"},0,0]
[null,"아일글로벌",{"$f":"VLOOKUP(B113,$B$6:$C$55,2,0)","v":{"$error":"#N/A"}},{"$f":"VLOOKUP(B113,$B$6:$D$55,3,0)","v":{"$error":"#N/A"}},{"$f":"VLOOKUP(B113,$B$6:$J$55,4,0)","v":{"$error":"#N/A"}},null,null,"피부",null,"버블씨스노우30",1,"ea",1,"ea",{"$f":"+'[1]25''02월'!P114","v":{"v":2904,"d":"2,904"}},{"$f":"+'[1]25''02월'!Q114","v":{"v":37.5,"d":"38"}},{"v":108900,"d":"108,900"},null,null,0,null,null,0,0,null,null,{"v":2904,"d":"2,904"},37.5,{"v":108900,"d":"108,900"}]
[null,"닥터랩",{"$f":"VLOOKUP(B114,$B$6:$C$55,2,0)","v":{"$error":"#N/A"}},{"$f":"VLOOKUP(B114,$B$6:$D$55,3,0)","v":{"$error":"#N/A"}},{"$f":"VLOOKUP(B114,$B$6:$J$55,4,0)","v":{"$error":"#N/A"}},null,null,"피부",null,"아쿠아모델링",1,"ea",1,"ea",{"$f":"+'[1]25''02월'!P115","v":{"v":9000,"d":"9,000"}},{"$f":"+'[1]25''02월'!Q115","v":28},{"v":252000,"d":"252,000"},null,null,0,null,null,0,{"$nulls":3},{"v":9000,"d":"9,000"},{"v":28,"d":"28.0"},{"v":252000,"d":"252,000"}]
[null,"닥터랩",{"$f":"VLOOKUP(B115,$B$6:$C$55,2,0)","v":{"$error":"#N/A"}},{"$f":"VLOOKUP(B115,$B$6:$D$55,3,0)","v":{"$error":"#N/A"}},{"$f":"VLOOKUP(B115,$B$6:$J$55,4,0)","v":{"$error":"#N/A"}},null,null,"피부",null,"비타민모델링",1,"ea",1,"ea",{"$f":"+'[1]25''02월'!P116","v":{"v":9000,"d":"9,000"}},{"$f":"+'[1]25''02월'!Q116","v":27},{"v":243000,"d":"243,000"},null,null,0,null,null,0,{"$nulls":3},{"v":9000,"d":"9,000"},{"v":27,"d":"27.0"},{"v":243000,"d":"243,000"}]
[null,"닥터랩",{"$f":"VLOOKUP(B116,$B$6:$C$55,2,0)","v":{"$error":"#N/A"}},{"$f":"VLOOKUP(B116,$B$6:$D$55,3,0)","v":{"$error":"#N/A"}},{"$f":"VLOOKUP(B116,$B$6:$J$55,4,0)","v":{"$error":"#N/A"}},null,null,"기타",null,"센텔라시카 마스크",1,"ea",1,"ea",{"$f":"+'[1]25''02월'!P117","v":{"v":1000,"d":"1,000"}},{"$f":"+'[1]25''02월'!Q117","v":139},{"v":139000,"d":"139,000"},null,null,0,null,null,0,{"$nulls":3},{"v":1000,"d":"1,000"},{"v":139,"d":"139.0"},{"v":139000,"d":"139,000"}]
[null,"닥터랩",{"$f":"VLOOKUP(B117,$B$6:$C$55,2,0)","v":{"$error":"#N/A"}},{"$f":"VLOOKUP(B117,$B$6:$D$55,3,0)","v":{"$error":"#N/A"}},{"$f":"VLOOKUP(B117,$B$6:$J$55,4,0)","v":{"$error":"#N/A"}},null,null,"기타",null,"하이드라수딩 마스크",1,"ea",1,"ea",{"$f":"+'[1]25''02월'!P118","v":{"v":1000,"d":"1,000"}},{"$f":"+'[1]25''02월'!Q118","v":15},{"v":15000,"d":"15,000"},null,null,0,null,null,0,{"$nulls":3},{"v":1000,"d":"1,000"},{"v":15,"d":"15.0"},{"v":15000,"d":"15,000"}]
[null,"닥터랩",{"$f":"VLOOKUP(B118,$B$6:$C$55,2,0)","v":{"$error":"#N/A"}},{"$f":"VLOOKUP(B118,$B$6:$D$55,3,0)","v":{"$error":"#N/A"}},{"$f":"VLOOKUP(B118,$B$6:$J$55,4,0)","v":{"$error":"#N/A"}},null,null,"기타",null,"뉴트리티브 바이탈 마사지크림",1,"ea",1,"ea",{"v":33000,"d":"33,000"},0,0,null,null,0,{"v":33000,"d":"33,000"},0,0,null,null,0,{"v":33000,"d":"33,000"},0,0]
[null,"닥터랩",{"$f":"VLOOKUP(B119,$B$6:$C$55,2,0)","v":{"$error":"#N/A"}},{"$f":"VLOOKUP(B119,$B$6:$D$55,3,0)","v":{"$error":"#N/A"}},{"$f":"VLOOKUP(B119,$B$6:$J$55,4,0)","v":{"$error":"#N/A"}},null,null,"기타",null,"하이드라더마아쥴렌크림",1,"ea",1,"ea",{"$f":"+'[1]25''02월'!P120","v":{"v":29000,"d":"29,000"}},{"$f":"+'[1]25''02월'!Q120","v":37},{"$f":"+O119*P119","v":{"v":1073000,"d":"1,073,000"}},null,null,0,null,null,{"$f":"+U119*V119","v":0},0,null,{"$f":"+X119*Y119","v":0},{"$f":"+O119","v":{"v":29000,"d":"29,000"}},{"$f":"+P119+S119-V119+Y119","v":{"v":37,"d":"37.0"}},{"v":1073000,"d":"1,073,000"}]
[null,"옥시젠",{"$f":"VLOOKUP(B120,$B$6:$C$55,2,0)","v":{"$error":"#N/A"}},{"$f":"VLOOKUP(B120,$B$6:$D$55,3,0)","v":{"$error":"#N/A"}},{"$f":"VLOOKUP(B120,$B$6:$J$55,4,0)","v":{"$error":"#N/A"}},null,null,"기타",null,"디오투 액티베이터",1,"ea",1,"ea",{"$f":"+'[1]25''02월'!P121","v":{"v":11875,"d":"11,875"}},{"$f":"+'[1]25''02월'!Q121","v":1},{"v":11875,"d":"11,875"},null,null,0,null,null,0,{"$nulls":3},{"v":11875,"d":"11,875"},{"v":1,"d":"1.0"},{"v":11875,"d":"11,875"}]
[null,"옥시젠",{"$f":"VLOOKUP(B121,$B$6:$C$55,2,0)","v":{"$error":"#N/A"}},{"$f":"VLOOKUP(B121,$B$6:$D$55,3,0)","v":{"$error":"#N/A"}},{"$f":"VLOOKUP(B121,$B$6:$J$55,4,0)","v":{"$error":"#N/A"}},null,null,"기타",null,"스킨 발란싱 토너",1,"ea",1,"ea",{"$f":"+'[1]25''02월'!P122","v":{"v":18000,"d":"18,000"}},{"$f":"+'[1]25''02월'!Q122","v":6},{"v":108000,"d":"108,000"},null,null,{"$f":"+R121*S121","v":0},null,null,0,{"$nulls":3},{"v":18000,"d":"18,000"},{"v":6,"d":"6.0"},{"$f":"+AA121*AB121","v":{"v":108000,"d":"108,000"}}]
[null,"옥시젠",{"$f":"VLOOKUP(B122,$B$6:$C$55,2,0)","v":{"$error":"#N/A"}},{"$f":"VLOOKUP(B122,$B$6:$D$55,3,0)","v":{"$error":"#N/A"}},{"$f":"VLOOKUP(B122,$B$6:$J$55,4,0)","v":{"$error":"#N/A"}},null,null,"기타",null,"레드네스 수딩 알로에 베라젤",1,"ea",1,"ea",{"$f":"+'[1]25''02월'!P123","v":{"v":18000,"d":"18,000"}},{"$f":"+'[1]25''02월'!Q123","v":2},{"v":36000,"d":"36,000"},null,null,0,null,null,0,{"$nulls":3},{"v":18000,"d":"18,000"},{"v":2,"d":"2.0"},{"v":36000,"d":"36,000"}]
[null,"옥시젠",{"$f":"VLOOKUP(B123,$B$6:$C$55,2,0)","v":{"$error":"#N/A"}},{"$f":"VLOOKUP(B123,$B$6:$D$55,3,0)","v":{"$error":"#N/A"}},{"$f":"VLOOKUP(B123,$B$6:$J$55,4,0)","v":{"$error":"#N/A"}},null,null,"기타",null,"에이셀100 플루이드",1,"ea",1,"ea",{"$f":"+'[1]25''02월'!P124","v":{"v":25650,"d":"25,650"}},{"$f":"+'[1]25''02월'!Q124","v":9},{"v":230850,"d":"230,850"},null,null,0,null,null,0,{"$nulls":3},{"v":25650,"d":"25,650"},{"v":9,"d":"9.0"},{"v":230850,"d":"230,850"}]
[null,"옥시젠",{"$f":"VLOOKUP(B124,$B$6:$C$55,2,0)","v":{"$error":"#N/A"}},{"$f":"VLOOKUP(B124,$B$6:$D$55,3,0)","v":{"$error":"#N/A"}},{"$f":"VLOOKUP(B124,$B$6:$J$55,4,0)","v":{"$error":"#N/A"}},null,null,"기타",null,"쿠퍼러스 플루이드",1,"ea",1,"ea",{"$f":"+'[1]25''02월'!P125","v":{"v":25650,"d":"25,650"}},{"$f":"+'[1]25''02월'!Q125","v":6},{"v":153900,"d":"153,900"},null,null,0,null,null,0,{"$nulls":3},{"v":25650,"d":"25,650"},{"v":6,"d":"6.0"},{"v":153900,"d":"153,900"}]
[null,"옥시젠",{"$f":"VLOOKUP(B125,$B$6:$C$55,2,0)","v":{"$error":"#N/A"}},{"$f":"VLOOKUP(B125,$B$6:$D$55,3,0)","v":{"$error":"#N/A"}},{"$f":"VLOOKUP(B125,$B$6:$J$55,4,0)","v":{"$error":"#N/A"}},null,null,"기타",null,"캐비어 플루이드",1,"ea",1,"ea",{"$f":"+'[1]25''02월'!P126","v":{"v":25110,"d":"25,110"}},{"$f":"+'[1]25''02월'!Q126","v":2},{"v":50220,"d":"50,220"},null,null,0,null,null,0,{"$nulls":3},{"v":25110,"d":"25,110"},{"v":2,"d":"2.0"},{"v":50220,"d":"50,220"}]
[null,"옥시젠",{"$f":"VLOOKUP(B126,$B$6:$C$55,2,0)","v":{"$error":"#N/A"}},{"$f":"VLOOKUP(B126,$B$6:$D$55,3,0)","v":{"$error":"#N/A"}},{"$f":"VLOOKUP(B126,$B$6:$J$55,4,0)","v":{"$error":"#N/A"}},null,null,"기타",null,"캐비어 플루이드",1,"ea",1,"ea",{"$f":"+'[1]25''02월'!P127","v":{"v":25650,"d":"25,650"}},{"$f":"+'[1]25''02월'!Q127","v":5},{"v":128250,"d":"128,250"},null,null,0,{"$nulls":6},{"v":25650,"d":"25,650"},{"v":5,"d":"5.0"},{"v":128250,"d":"128,250"}]
[null,"옥시젠",{"$f":"VLOOKUP(B127,$B$6:$C$55,2,0)","v":{"$error":"#N/A"}},{"$f":"VLOOKUP(B127,$B$6:$D$55,3,0)","v":{"$error":"#N/A"}},{"$f":"VLOOKUP(B127,$B$6:$J$55,4,0)","v":{"$error":"#N/A"}},null,null,"기타",null,"퍼멘티드 플루이드",1,"ea",1,"ea",{"$f":"+'[1]25''02월'!P128","v":{"v":25110,"d":"25,110"}},{"$f":"+'[1]25''02월'!Q128","v":8},{"v":200880,"d":"200,880"},null,null,0,null,null,0,{"$nulls":3},{"v":25110,"d":"25,110"},{"v":8,"d":"8.0"},{"v":200880,"d":"200,880"}]
[null,"확인필요",{"$f":"VLOOKUP(B128,$B$6:$C$55,2,0)","v":"확인필요"},{"$f":"VLOOKUP(B128,$B$6:$D$55,3,0)","v":"확인필요"},{"$f":"VLOOKUP(B128,$B$6:$J$55,4,0)","v":"확인필요"},null,null,"기타",null,"쿰스필",1,"ea",1,"ea",{"$f":"+'[1]25''02월'!P129","v":{"v":50000,"d":"50,000"}},{"$f":"+'[1]25''02월'!Q129","v":0},0,null,null,0,null,null,0,{"$f":"+U128","v":0},null,null,{"v":50000,"d":"50,000"},0,0]
[null,"옥시젠",{"$f":"VLOOKUP(B129,$B$6:$C$55,2,0)","v":{"$error":"#N/A"}},{"$f":"VLOOKUP(B129,$B$6:$D$55,3,0)","v":{"$error":"#N/A"}},{"$f":"VLOOKUP(B129,$B$6:$J$55,4,0)","v":{"$error":"#N/A"}},null,null,"기타",null,"TP썬크림",1,"ea",1,"ea",{"$f":"+'[1]25''02월'!P130","v":{"v":16500,"d":"16,500"}},{"$f":"+'[1]25''02월'!Q130","v":13},{"v":214500,"d":"214,500"},null,null,0,null,null,0,0,null,0,{"v":16500,"d":"16,500"},{"v":13,"d":"13.0"},{"v":214500,"d":"214,500"}]
[null,"옥시젠",{"$f":"VLOOKUP(B130,$B$6:$C$55,2,0)","v":{"$error":"#N/A"}},{"$f":"VLOOKUP(B130,$B$6:$D$55,3,0)","v":{"$error":"#N/A"}},{"$f":"VLOOKUP(B130,$B$6:$J$55,4,0)","v":{"$error":"#N/A"}},null,null,"기타",null,"크리오제닉 액티베이터",1,"ea",1,"ea",{"$f":"+'[1]25''02월'!P131","v":{"v":6500,"d":"6,500"}},{"$f":"+'[1]25''02월'!Q131","v":4},{"v":26000,"d":"26,000"},null,null,0,null,null,0,{"$nulls":3},{"v":6500,"d":"6,500"},{"v":4,"d":"4.0"},{"v":26000,"d":"26,000"}]
[null,"확인필요",{"$f":"VLOOKUP(B131,$B$6:$C$55,2,0)","v":"확인필요"},{"$f":"VLOOKUP(B131,$B$6:$D$55,3,0)","v":"확인필요"},{"$f":"VLOOKUP(B131,$B$6:$J$55,4,0)","v":"확인필요"},null,null,"기타",null,"쏠라케어90겔플루이드(썬크림)",1,"ea",1,"ea",{"$f":"+'[1]25''02월'!P132","v":{"v":16133,"d":"16,133"}},{"$f":"+'[1]25''02월'!Q132","v":0},0,null,null,0,null,null,0,0,null,0,{"v":16133,"d":"16,133"},0,0]
[null,"확인필요",{"$f":"VLOOKUP(B132,$B$6:$C$55,2,0)","v":"확인필요"},{"$f":"VLOOKUP(B132,$B$6:$D$55,3,0)","v":"확인필요"},{"$f":"VLOOKUP(B132,$B$6:$J$55,4,0)","v":"확인필요"},null,null,"기타",null,"fcr리젠트론마스크(mj메디컬)",1,"ea",1,"ea",{"$f":"+'[1]25''02월'!P136","v":{"v":7543,"d":"7,543"}},{"$f":"+'[1]25''02월'!Q136","v":43},{"v":324349,"d":"324,349"},null,null,0,null,null,0,0,null,null,{"v":7543,"d":"7,543"},{"v":43,"d":"43.0"},{"v":324349,"d":"324,349"}]
[null,"소계",{"$nulls":14},{"$f":"SUM(Q57:Q132)","v":{"v":29180062.8568,"d":"29,180,063"}},null,null,{"$f":"SUM(T57:T132)","v":0},null,null,{"$f":"SUM(W57:W132)","v":0},0,null,{"$f":"SUM(Z57:Z132)","v":0},{"$f":"+O133","v":0},0,{"$f":"SUM(AC57:AC132)","v":{"v":29180062.8568,"d":"29,180,063"}}]
[{"$nulls":9},"총계",{"$nulls":6},{"$f":"+Q56+Q133","v":{"v":305736461.65680003,"d":"305,736,462"}},null,null,{"$f":"+T56+T133","v":{"v":101585334.99996,"d":"101,585,335"}},null,null,{"$f":"+W56+W133","v":{"v":79900706.6,"d":"79,900,707"}},0,null,{"$f":"+Z56+Z133","v":0},0,0,{"$f":"+AC56+AC133","v":{"v":181591109.65679997,"d":"181,591,110"}}]

{"sheet":"25'03월 (2)","index":1,"n_rows":132,"n_cols":20,"rows_kept":132,"merged":[[1,2,2,2],[1,3,2,3],[1,4,1,6],[1,7,1,9],[1,10,1,12],[1,13,1,15],[1,16,1,18],[1,19,2,19],[3,3,20,3],[15,1,16,1],[19,1,20,1],[21,3,24,3],[23,1,24,1],[25,3,31,3],[29,1,30,1],[32,3,37,3],[38,1,39,1],[38,3,46,3],[40,1,41,1],[47,3,51,3],[120,1,121,1]]}
[]
[null,"제품명","거래처","구분","이월",null,null,"입고",null,null,"실사용",null,null,"과부족",null,null,"실재 재고",null,null,"사유"]
[{"$nulls":4},"단가","수량","금액","단가","수량","입고금액","단가","수량","사용금액","단가","수량","사용금액","단가","수량","재고금액"]
[null,"채움프리미엄 1",null,"필러",{"$f":"+'[1]25''02월'!P4","v":{"v":18000,"d":"18,000"}},{"$f":"+'[1]25''02월'!Q4","v":16},{"$f":"+E4*F4","v":{"v":288000,"d":"288,000"}},null,null,{"$f":"+H4*I4","v":0},null,null,{"$f":"+K4*L4","v":0},null,null,{"$f":"+N4*O4","v":0},{"$f":"+E4","v":{"v":18000,"d":"18,000"}},{"$f":"+F4+I4-L4+O4","v":{"v":16,"d":"16.0"}},{"$f":"+Q4*R4","v":{"v":288000,"d":"288,000"}}]
[null,"체움프리미엄 2",null,null,{"$f":"+'[1]25''02월'!P5","v":{"v":18000,"d":"18,000"}},{"$f":"+'[1]25''02월'!Q5","v":23},{"$f":"+E5*F5","v":{"v":414000,"d":"414,000"}},null,null,0,null,null,0,null,null,0,{"$f":"+E5","v":{"v":18000,"d":"18,000"}},{"$f":"+F5+I5-L5+O5","v":{"v":23,"d":"23.0"}},{"v":414000,"d":"414,000"}]
[null,"채움프리미엄 3",null,null,{"$f":"+'[1]25''02월'!P6","v":{"v":18000,"d":"18,000"}},{"$f":"+'[1]25''02월'!Q6","v":25},{"v":450000,"d":"450,000"},null,null,0,null,null,0,null,null,0,{"v":18000,"d":"18,000"},{"v":25,"d":"25.0"},{"v":450000,"d":"450,000"}]
[null,"뉴라미스라이트",null,null,{"$f":"+'[1]25''02월'!P7","v":{"v":14000,"d":"14,000"}},{"$f":"+'[1]25''02월'!Q7","v":24},{"v":336000,"d":"336,000"},null,null,0,null,null,0,null,null,0,{"v":14000,"d":"14,000"},{"v":24,"d":"24.0"},{"v":336000,"d":"336,000"}]
[null,"뉴라미스리도카인",null,null,{"$f":"+'[1]25''02월'!P8","v":{"v":18000,"d":"18,000"}},{"$f":"+'[1]25''02월'!Q8","v":20},{"v":360000,"d":"360,000"},null,null,0,null,null,0,null,null,0,{"v":18000,"d":"18,000"},{"v":20,"d":"20.0"},{"v":360000,"d":"360,000"}]
[null,"뉴라미스볼륨",null,null,{"$f":"+'[1]25''02월'!P9","v":{"v":18000,"d":"18,000"}},{"$f":"+'[1]25''02월'!Q9","v":11},{"v":198000,"d":"198,000"},null,null,0,null,null,0,null,null,0,{"v":18000,"d":"18,000"},{"v":11,"d":"11.0"},{"v":198000,"d":"198,000"}]
[null,"쥬비덤 볼벨라",null,null,{"$f":"+'[1]25''02월'!P10","v":{"v":130164,"d":"130,164"}},{"$f":"+'[1]25''02월'!Q10","v":18},{"v":2342952,"d":"2,342,952"},null,null,0,null,null,0,null,null,0,{"$f":"+E10","v":{"v":130164,"d":"130,164"}},{"v":18,"d":"18.0"},{"v":2342952,"d":"2,342,952"}]
[null,"쥬비덤 볼리프트",null,null,{"$f":"+'[1]25''02월'!P11","v":{"v":130164.1,"d":"130,164"}},{"$f":"+'[1]25''02월'!Q11","v":27},{"v":3514430.7,"d":"3,514,431"},null,null,0,null,null,0,null,null,0,{"$f":"+E11","v":{"v":130164.1,"d":"130,164"}},{"v":27,"d":"27.0"},{"v":3514430.7,"d":"3,514,431"}]
[null,"쥬비덤 볼루마",null,null,{"$f":"+'[1]25''02월'!P12","v":{"v":130164,"d":"130,164"}},{"$f":"+'[1]25''02월'!Q12","v":36},{"v":4685904,"d":"4,685,904"},null,null,0,null,null,0,null,null,0,{"$f":"+E12","v":{"v":130164,"d":"130,164"}},{"v":36,"d":"36.0"},{"v":4685904,"d":"4,685,904"}]
[null,"레스틸렌비탈",null,null,{"$f":"+'[1]25''02월'!P13","v":{"v":115500,"d":"115,500"}},{"$f":"+'[1]25''02월'!Q13","v":9},{"v":1039500,"d":"1,039,500"},null,null,0,null,null,0,null,null,0,{"v":115500,"d":"115,500"},{"v":9,"d":"9.0"},{"v":1039500,"d":"1,039,500"}]
[null,"레스틸렌리파인",null,null,{"$f":"+'[1]25''02월'!P14","v":{"v":110000,"d":"110,000"}},{"$f":"+'[1]25''02월'!Q14","v":18},{"v":1980000,"d":"1,980,000"},null,null,0,null,null,0,null,null,0,{"v":110000,"d":"110,000"},{"v":18,"d":"18.0"},{"v":1980000,"d":"1,980,000"}]
[null,"레스틸렌디파인",null,null,{"$f":"+'[1]25''02월'!P15","v":{"v":110000,"d":"110,000"}},{"$f":"+'[1]25''02월'!Q15","v":15},{"v":1650000,"d":"1,650,000"},null,null,0,null,null,0,null,null,0,{"v":110000,"d":"110,000"},{"v":15,"d":"15.0"},{"v":1650000,"d":"1,650,000"}]
[null,"엘란쎄M",null,null,{"$f":"+'[1]25''02월'!P16","v":{"v":211747,"d":"211,747"}},{"$f":"+'[1]25''02월'!Q16","v":32},{"v":6775904,"d":"6,775,904"},null,null,0,null,null,{"$f":"+K16*L16","v":0},null,null,0,{"$f":"+E16","v":{"v":211747,"d":"211,747"}},{"v":32,"d":"32.0"},{"v":6775904,"d":"6,775,904"}]
[{"$nulls":4},{"$f":"+'[1]25''02월'!P17","v":{"v":211612.52,"d":"211,613"}},{"$f":"+'[1]25''02월'!Q17","v":120},{"v":25393502.4,"d":"25,393,502"},null,null,0,{"$nulls":6},{"$f":"+E17","v":{"v":211612.52,"d":"211,613"}},{"v":120,"d":"120.0"},{"v":25393502.4,"d":"25,393,502"}]
[null,"스컬트라",null,null,{"$f":"+'[1]25''02월'!P18","v":{"v":242000,"d":"242,000"}},{"$f":"+'[1]25''02월'!Q18","v":40},{"v":9680000,"d":"9,680,000"},null,null,0,null,null,0,null,null,0,{"v":242000,"d":"242,000"},{"v":40,"d":"40.0"},{"v":9680000,"d":"9,680,000"}]
[null,"쥬베룩볼륨",null,null,{"$f":"+'[1]25''02월'!P19","v":{"v":110000,"d":"110,000"}},{"$f":"+'[1]25''02월'!Q19","v":12},{"v":1320000,"d":"1,320,000"},null,null,0,null,null,0,null,null,0,{"v":110000,"d":"110,000"},{"v":12,"d":"12.0"},{"v":1320000,"d":"1,320,000"}]
[null,"벨로테로소프트",null,null,{"$f":"+'[1]25''02월'!P20","v":{"v":91000,"d":"91,000"}},{"$f":"+'[1]25''02월'!Q20","v":55},{"v":5005000,"d":"5,005,000"},null,null,0,null,null,0,null,null,0,{"v":91000,"d":"91,000"},{"v":55,"d":"55.0"},{"v":5005000,"d":"5,005,000"}]
[{"$nulls":4},{"$f":"+'[1]25''02월'!P21","v":{"v":82727,"d":"82,727"}},{"$f":"+'[1]25''02월'!Q21","v":3},{"v":248181,"d":"248,181"},null,null,0,null,null,0,null,null,0,{"v":82727,"d":"82,727"},{"v":3,"d":"3.0"},{"v":248181,"d":"248,181"}]
[null,"리즈톡스",null,"보톡스",{"$f":"+'[1]25''02월'!P22","v":{"v":25000,"d":"25,000"}},{"$f":"+'[1]25''02월'!Q22","v":54},{"v":1350000,"d":"1,350,000"},null,null,0,null,null,0,null,null,0,{"v":25000,"d":"25,000"},{"v":54,"d":"54.0"},{"v":1350000,"d":"1,350,000"}]
[null,"코어톡스",null,null,{"$f":"+'[1]25''02월'!P23","v":{"v":33000,"d":"33,000"}},{"$f":"+'[1]25''02월'!Q23","v":37},{"v":1221000,"d":"1,221,000"},null,null,0,null,null,0,null,null,0,{"v":33000,"d":"33,000"},{"$f":"+F23+I23-L23+O23","v":{"v":37,"d":"37.0"}},{"v":1221000,"d":"1,221,000"}]
[null,"제오민",null,null,{"$f":"+'[1]25''02월'!P24","v":{"v":110000,"d":"110,000"}},{"$f":"+'[1]25''02월'!Q24","v":13},{"v":1430000,"d":"1,430,000"},null,null,0,null,null,0,null,null,0,{"v":110000,"d":"110,000"},{"v":13,"d":"13.0"},{"v":1430000,"d":"1,430,000"}]
[{"$nulls":4},{"$f":"+'[1]25''02월'!P25","v":{"v":120000,"d":"120,000"}},{"$f":"+'[1]25''02월'!Q25","v":30},{"v":3600000,"d":"3,600,000"},null,null,0,{"$nulls":6},{"v":120000,"d":"120,000"},{"v":30,"d":"30.0"},{"v":3600000,"d":"3,600,000"}]
[null,"리쥬란아이",null,"스킨부스터",{"$f":"+'[1]25''02월'!P26","v":{"v":52923,"d":"52,923"}},{"$f":"+'[1]25''02월'!Q26","v":25},{"v":1323075,"d":"1,323,075"},null,null,0,null,null,0,null,null,0,{"v":52923,"d":"52,923"},{"v":25,"d":"25.0"},{"v":1323075,"d":"1,323,075"}]
[null,"리쥬란",null,null,{"$f":"+'[1]25''02월'!P27","v":{"v":94430,"d":"94,430"}},{"$f":"+'[1]25''02월'!Q27","v":126},{"v":11898180,"d":"11,898,180"},null,null,0,null,null,0,null,null,0,{"v":94430,"d":"94,430"},{"v":126,"d":"126.0"},{"v":11898180,"d":"11,898,180"}]
[null,"리쥬란HB",null,null,{"$f":"+'[1]25''02월'!P29","v":{"v":55377,"d":"55,377"}},{"$f":"+'[1]25''02월'!Q29","v":51},{"v":2824227,"d":"2,824,227"},null,null,0,null,null,0,null,null,0,{"v":55377,"d":"55,377"},51,{"v":2824227,"d":"2,824,227"}]
[null,"샤넬",null,null,{"$f":"+'[1]25''02월'!P30","v":{"v":55648,"d":"55,648"}},{"$f":"+'[1]25''02월'!Q30","v":81},{"v":4507488,"d":"4,507,488"},null,null,0,null,null,0,null,null,0,{"v":55648,"d":"55,648"},{"v":81,"d":"81.0"},{"v":4507488,"d":"4,507,488"}]
[null,"쥬베룩",null,null,{"$f":"+'[1]25''02월'!P31","v":{"v":100000,"d":"100,000"}},{"$f":"+'[1]25''02월'!Q31","v":16},{"v":1600000,"d":"1,600,000"},null,null,0,null,null,0,null,null,0,{"v":100000,"d":"100,000"},{"v":16,"d":"16.0"},{"v":1600000,"d":"1,600,000"}]
[{"$nulls":4},{"$f":"+'[1]25''02월'!P32","v":{"v":121000,"d":"121,000"}},{"$f":"+'[1]25''02월'!Q32","v":50},{"v":6050000,"d":"6,050,000"},null,null,0,{"$nulls":5},0,{"v":121000,"d":"121,000"},{"v":50,"d":"50.0"},{"v":6050000,"d":"6,050,000"}]
[null,"하이주",null,null,{"$f":"+'[1]25''02월'!P33","v":{"v":9616,"d":"9,616"}},{"$f":"+'[1]25''02월'!Q33","v":52},{"v":500032,"d":"500,032"},null,null,0,null,null,0,null,null,0,{"v":9616,"d":"9,616"},{"v":52,"d":"52.0"},{"v":500032,"d":"500,032"}]
[null,"하이코(4cm)",null,"실리프팅",{"$f":"+'[1]25''02월'!P34","v":{"v":4950,"d":"4,950"}},{"$f":"+'[1]25''02월'!Q34","v":84},{"v":415800,"d":"415,800"},null,null,0,null,null,0,null,null,0,{"v":4950,"d":"4,950"},{"v":84,"d":"84.0"},{"v":415800,"d":"415,800"}]
[null,"메이드코(6cm)",null,null,{"$f":"+'[1]25''02월'!P35","v":{"v":4950,"d":"4,950"}},{"$f":"+'[1]25''02월'!Q35","v":20},{"v":99000,"d":"99,000"},null,null,0,null,null,0,null,null,0,{"v":4950,"d":"4,950"},{"v":20,"d":"20.0"},{"v":99000,"d":"99,000"}]
[null,"오메가",null,null,{"$f":"+'[1]25''02월'!P36","v":{"v":5500,"d":"5,500"}},{"$f":"+'[1]25''02월'!Q36","v":188},{"v":1034000,"d":"1,034,000"},null,null,0,null,null,0,null,null,0,{"v":5500,"d":"5,500"},{"v":188,"d":"188.0"},{"v":1034000,"d":"1,034,000"}]
[null,"울트라V",null,null,{"$f":"+'[1]25''02월'!P37","v":550},{"$f":"+'[1]25''02월'!Q37","v":960},{"v":528000,"d":"528,000"},null,null,0,null,null,0,null,null,0,550,{"v":960,"d":"960.0"},{"v":528000,"d":"528,000"}]
[null,"민트쁘띠",null,null,{"$f":"+'[1]25''02월'!P38","v":{"v":9000,"d":"9,000"}},{"$f":"+'[1]25''02월'!Q38","v":168},{"v":1512000,"d":"1,512,000"},null,null,0,null,null,0,null,null,0,{"v":9000,"d":"9,000"},{"v":168,"d":"168.0"},{"v":1512000,"d":"1,512,000"}]
[null,"실루엣8콘",null,null,{"$f":"+'[1]25''02월'!P39","v":{"v":107250,"d":"107,250"}},{"$f":"+'[1]25''02월'!Q39","v":28},{"v":3003000,"d":"3,003,000"},null,null,0,null,null,0,null,null,0,{"v":107250,"d":"107,250"},{"v":28,"d":"28.0"},{"v":3003000,"d":"3,003,000"}]
[null,"울쎄라-DS 10-1.5N",null,"레이저",{"$f":"+'[1]25''02월'!P40","v":{"v":1271,"d":"1,271"}},{"$f":"+'[1]25''02월'!Q40","v":{"v":1106,"d":"1,106"}},{"v":1405726,"d":"1,405,726"},null,null,0,null,null,0,null,null,0,{"v":1271,"d":"1,271"},{"$f":"+F39+I39-L39+O39","v":{"v":1106,"d":"1,106.0"}},{"v":1405726,"d":"1,405,726"}]
[{"$nulls":4},{"$f":"+'[1]25''02월'!P41","v":{"v":1121,"d":"1,121"}},{"$f":"+'[1]25''02월'!Q41","v":{"v":12000,"d":"12,000"}},{"v":13452000,"d":"13,452,000"},null,null,0,{"$nulls":6},{"v":1121,"d":"1,121"},{"$f":"+F40+I40-L40+O40","v":{"v":12000,"d":"12,000.0"}},{"v":13452000,"d":"13,452,000"}]
[null,"울쎄라-DS 7-3.0",null,null,{"$f":"+'[1]25''02월'!P42","v":{"v":1121,"d":"1,121"}},{"$f":"+'[1]25''02월'!Q42","v":{"v":1419,"d":"1,419"}},{"v":1590699,"d":"1,590,699"},null,null,0,null,null,0,null,null,0,{"v":1121,"d":"1,121"},{"$f":"+F41+I41-L41+O41","v":{"v":1419,"d":"1,419.0"}},{"v":1590699,"d":"1,590,699"}]
[{"$nulls":4},{"$f":"+'[1]25''02월'!P43","v":{"v":1145.9,"d":"1,146"}},{"$f":"+'[1]25''02월'!Q43","v":{"v":12000,"d":"12,000"}},{"v":13750800.000000002,"d":"13,750,800"},null,null,0,{"$nulls":6},{"v":1145.9,"d":"1,146"},{"$f":"+F42+I42-L42+O42","v":{"v":12000,"d":"12,000.0"}},{"v":13750800.000000002,"d":"13,750,800"}]
[null,"울쎄라-DS 4-4.5",null,null,{"$f":"+'[1]25''02월'!P45","v":{"v":1145.9,"d":"1,146"}},{"$f":"+'[1]25''02월'!Q45","v":{"v":98243,"d":"98,243"}},{"v":112576653.7,"d":"112,576,654"},null,null,0,null,null,0,null,null,0,{"v":1145.9,"d":"1,146"},{"$f":"+F43+I43-L43+O43","v":{"v":98243,"d":"98,243.0"}},{"v":112576653.7,"d":"112,576,654"}]
[null,"울핏6.0",null,null,{"$f":"+'[1]25''02월'!P46","v":22},{"$f":"+'[1]25''02월'!Q46","v":{"v":67892,"d":"67,892"}},{"v":1493624,"d":"1,493,624"},null,null,0,null,null,0,null,null,0,22,{"v":67892,"d":"67,892.0"},{"v":1493624,"d":"1,493,624"}]
[null,"울핏9.0",null,null,{"$f":"+'[1]25''02월'!P47","v":22},{"$f":"+'[1]25''02월'!Q47","v":{"v":69660,"d":"69,660"}},{"v":1532520,"d":"1,532,520"},null,null,0,null,null,0,null,null,0,22,{"v":69660,"d":"69,660.0"},{"v":1532520,"d":"1,532,520"}]
[null,"써마지 FLX 600샷",null,null,{"$f":"+'[1]25''02월'!P48","v":0},{"$f":"+'[1]25''02월'!Q48","v":0},0,null,null,0,null,null,0,{"$nulls":3},0,0,0]
[null,"써마지 FLX 600샷",null,null,{"$f":"+'[1]25''02월'!P49","v":{"v":960000,"d":"960,000"}},{"$f":"+'[1]25''02월'!Q49","v":18},{"v":17280000,"d":"17,280,000"},null,null,0,null,null,0,{"$nulls":3},{"v":960000,"d":"960,000"},{"v":18,"d":"18.0"},{"v":17280000,"d":"17,280,000"}]
[null,"멀티블루",null,null,{"$f":"+'[1]25''02월'!P50","v":{"v":8800,"d":"8,800"}},{"$f":"+'[1]25''02월'!Q50","v":19},{"v":167200,"d":"167,200"},null,null,0,null,null,0,null,null,0,{"v":8800,"d":"8,800"},{"v":19,"d":"19.0"},{"v":167200,"d":"167,200"}]
[null,"아르기닌",null,null,{"$f":"+'[1]25''02월'!P51","v":{"v":20000,"d":"20,000"}},{"$f":"+'[1]25''02월'!Q51","v":16},{"v":320000,"d":"320,000"},null,null,0,null,null,0,null,null,0,{"v":20000,"d":"20,000"},{"v":16,"d":"16.0"},{"v":320000,"d":"320,000"}]
[null,"BSC-30",null,null,{"$f":"+'[1]25''02월'!P52","v":{"v":170000,"d":"170,000"}},{"$f":"+'[1]25''02월'!Q52","v":3},{"v":510000,"d":"510,000"},null,null,0,null,null,0,null,null,0,{"v":170000,"d":"170,000"},{"v":3,"d":"3.0"},{"v":510000,"d":"510,000"}]
[null,"BSC-60",null,null,{"$f":"+'[1]25''02월'!P53","v":{"v":350000,"d":"350,000"}},{"$f":"+'[1]25''02월'!Q53","v":6},{"v":2100000,"d":"2,100,000"},null,null,0,null,null,0,null,null,0,{"v":350000,"d":"350,000"},{"v":6,"d":"6.0"},{"v":2100000,"d":"2,100,000"}]
[null,"BSC-120",null,null,{"$f":"+'[1]25''02월'!P54","v":{"v":600000,"d":"600,000"}},{"$f":"+'[1]25''02월'!Q54","v":3},{"v":1800000,"d":"1,800,000"},null,null,0,null,null,0,null,null,0,{"v":600000,"d":"600,000"},{"v":3,"d":"3.0"},{"v":1800000,"d":"1,800,000"}]
[null,null,"소계",{"$nulls":3},{"$f":"SUM(G4:G52)","v":{"v":276556398.8,"d":"276,556,399"}},null,null,{"$f":"SUM(J4:J52)","v":0},null,null,{"$f":"SUM(M4:M52)","v":0},{"$f":"+K53","v":0},null,{"$f":"SUM(P4:P52)","v":0},null,null,{"$f":"SUM(S4:S52)","v":{"v":276556398.8,"d":"276,556,399"}}]
[null,"NDA플러스","유벤타헬스케어",null,{"$f":"+'[1]25''02월'!P56","v":{"v":15400,"d":"15,400"}},{"$f":"+'[1]25''02월'!Q56","v":55},{"$f":"+E54*F54","v":{"v":847000,"d":"847,000"}},null,null,{"$f":"+H54*I54","v":0},{"v":15400,"d":"15,400"},0,{"$f":"+K54*L54","v":0},{"v":15400,"d":"15,400"},null,{"$f":"+N54*O54","v":0},{"$f":"+E54","v":{"v":15400,"d":"15,400"}},{"$f":"+F54+I54-L54+O54","v":{"v":55,"d":"55.0"}},{"$f":"+Q54*R54","v":{"v":847000,"d":"847,000"}}]
[null,"큐티셀","에스테팜",null,{"$f":"+'[1]25''02월'!P57","v":{"v":33000,"d":"33,000"}},{"$f":"+'[1]25''02월'!Q57","v":24},{"v":792000,"d":"792,000"},null,null,0,{"v":33000,"d":"33,000"},0,0,{"v":33000,"d":"33,000"},null,0,{"v":33000,"d":"33,000"},{"v":24,"d":"24.0"},{"v":792000,"d":"792,000"}]
[null,"N-25","제이시스",null,{"$f":"+'[1]25''02월'!P58","v":{"v":33000,"d":"33,000"}},{"$f":"+'[1]25''02월'!Q58","v":14},{"v":462000,"d":"462,000"},{"v":33000,"d":"33,000"},15,{"v":495000,"d":"495,000"},{"v":33000,"d":"33,000"},{"v":19,"d":"19.0"},{"v":627000,"d":"627,000"},null,null,0,{"v":33000,"d":"33,000.0"},{"v":10,"d":"10.0"},{"v":330000,"d":"330,000"},"DIA팁 교환건"]
[null,"I-25","제이시스",null,{"$f":"+'[1]25''02월'!P59","v":{"v":33000,"d":"33,000"}},{"$f":"+'[1]25''02월'!Q59","v":7},{"v":231000,"d":"231,000"},null,null,0,{"v":33000,"d":"33,000"},{"v":1,"d":"1.0"},{"v":33000,"d":"33,000"},{"v":33000,"d":"33,000"},null,0,{"v":33000,"d":"33,000.0"},{"v":6,"d":"6.0"},{"v":198000,"d":"198,000"}]
[null,"CP-25","제이시스",null,{"$f":"+'[1]25''02월'!P60","v":{"v":49000,"d":"49,000"}},{"$f":"+'[1]25''02월'!Q60","v":38},{"v":1862000,"d":"1,862,000"},{"v":49000,"d":"49,000"},20,{"v":980000,"d":"980,000"},{"v":49000,"d":"49,000"},{"v":26,"d":"26.0"},{"v":1274000,"d":"1,274,000"},{"v":49000,"d":"49,000"},null,0,{"v":49000,"d":"49,000.0"},{"v":32,"d":"32.0"},{"v":1568000,"d":"1,568,000"},"DIA팁 교환건"]
[null,"DDR","제이시스",null,{"$f":"+'[1]25''02월'!P61","v":44},{"$f":"+'[1]25''02월'!Q61","v":{"v":7954,"d":"7,954"}},{"v":349976,"d":"349,976"},null,null,0,44,0,0,null,null,0,{"v":44,"d":"44.0"},{"v":7954,"d":"7,954.0"},{"v":349976,"d":"349,976"}]
[null,"DIA","제이시스",null,{"$f":"+'[1]25''02월'!P62","v":165},{"$f":"+'[1]25''02월'!Q62","v":{"v":10901,"d":"10,901"}},{"v":1798665,"d":"1,798,665"},null,null,0,165,{"v":9000,"d":"9,000.0"},{"v":1485000,"d":"1,485,000"},165,null,0,165,{"v":1901,"d":"1,901.0"},{"v":313665,"d":"313,665"},"팁 교환 (CP25-20개 , N25-15개)"]
[null,"포텐자 젤(s.v)","제이시스",null,0,{"$f":"+'[1]25''02월'!Q63","v":4},0,null,null,0,0,0,0,null,null,0,0,{"v":4,"d":"4.0"},0]
[null,"듀엣써마지 팁","은성메디컬",null,{"$f":"+'[1]25''02월'!P64","v":11},{"$f":"+'[1]25''02월'!Q64","v":{"v":3153,"d":"3,153"}},{"v":34683,"d":"34,683"},null,null,0,11,{"v":300,"d":"300.0"},{"v":3300,"d":"3,300"},11,null,0,11,{"v":2853,"d":"2,853.0"},{"v":31383,"d":"31,383"}]
[null,"듀엣써마지 패드","은성메디컬",null,{"$f":"+'[1]25''02월'!P65","v":{"v":5500,"d":"5,500"}},{"$f":"+'[1]25''02월'!Q65","v":19},{"v":104500,"d":"104,500"},null,null,0,{"v":5500,"d":"5,500"},0,0,{"v":5500,"d":"5,500"},null,0,{"v":5500,"d":"5,500"},{"v":19,"d":"19.0"},{"v":104500,"d":"104,500"}]
[null,"슈링크U L-4.5(2만)","㈜클래시스",null,{"$f":"+'[1]25''02월'!P66","v":110},{"$f":"+'[1]25''02월'!Q66","v":{"v":48505,"d":"48,505"}},{"v":5335550,"d":"5,335,550"},110,{"v":40200,"d":"40,200"},{"v":4400000,"d":"4,400,000"},110,{"v":42713,"d":"42,713.0"},{"$f":"+K64*L64","v":{"v":4698430,"d":"4,698,430"}},null,null,0,110,{"v":45992,"d":"45,992.0"},{"v":5059120,"d":"5,059,120"},"단가변경"]
[null,"슈링크U C-3.0(2만)","㈜클래시스",null,{"$f":"+'[1]25''02월'!P67","v":110},{"$f":"+'[1]25''02월'!Q67","v":{"v":45443,"d":"45,443"}},{"v":4998730,"d":"4,998,730"},null,null,0,110,{"v":13154,"d":"13,154.0"},{"v":1446940,"d":"1,446,940"},null,null,0,110,{"v":32289,"d":"32,289.0"},{"v":3551790,"d":"3,551,790"}]
[null,"슈링크U I-.2.0(2만)","㈜클래시스",null,{"$f":"+'[1]25''02월'!P68","v":110},{"$f":"+'[1]25''02월'!Q68","v":{"v":11690,"d":"11,690"}},{"v":1285900,"d":"1,285,900"},null,null,0,110,0,0,110,null,0,110,{"v":11690,"d":"11,690.0"},{"v":1285900,"d":"1,285,900"}]
[null,"슈링크B L-.4.5","㈜클래시스",null,{"$f":"+'[1]25''02월'!P69","v":87},{"$f":"+'[1]25''02월'!Q69","v":{"v":3682,"d":"3,682"}},{"v":320334,"d":"320,334"},null,null,0,87,0,{"$f":"+K67*L67","v":0},87,null,0,87,{"v":3682,"d":"3,682.0"},{"v":320334,"d":"320,334"}]
[null,"슈링크B D-1.5","㈜클래시스",null,{"$f":"+'[1]25''02월'!P70","v":87},{"$f":"+'[1]25''02월'!Q70","v":{"v":1527,"d":"1,527"}},{"v":132849,"d":"132,849"},null,null,0,87,0,{"$f":"+K68*L68","v":0},87,null,0,87,{"v":1527,"d":"1,527.0"},{"v":132849,"d":"132,849"}]
[null,"슈링크B L-4.5(2만)","㈜클래시스",null,{"$f":"+'[1]25''02월'!P71","v":87},{"$f":"+'[1]25''02월'!Q71","v":0},0,null,null,0,87,0,0,87,null,0,87,0,0]
[null,"슈링크B C-3.0(2만)","㈜클래시스",null,{"$f":"+'[1]25''02월'!P72","v":87},{"$f":"+'[1]25''02월'!Q72","v":{"v":15570,"d":"15,570"}},{"v":1354590,"d":"1,354,590"},null,null,0,87,0,0,87,null,0,87,{"v":15570,"d":"15,570.0"},{"v":1354590,"d":"1,354,590"}]
[null,"슈링크B D-1.5(2만)","㈜클래시스",null,{"$f":"+'[1]25''02월'!P73","v":87},{"$f":"+'[1]25''02월'!Q73","v":0},0,null,null,0,87,0,0,87,null,0,87,0,0]
[null,"GT38앰플","㈜클래시스",null,{"$f":"+'[1]25''02월'!P74","v":{"v":5000,"d":"5,000"}},{"$f":"+'[1]25''02월'!Q74","v":34},{"v":170000,"d":"170,000"},null,null,0,{"v":5000,"d":"5,000"},0,0,{"v":5000,"d":"5,000"},null,0,{"v":5000,"d":"5,000"},{"v":34,"d":"34.0"},{"v":170000,"d":"170,000"}]
[null,"더블로M7","하이로닉",null,{"$f":"+'[1]25''02월'!P75","v":104},{"$f":"+'[1]25''02월'!Q75","v":{"v":12513,"d":"12,513"}},{"v":1301352,"d":"1,301,352"},null,null,0,104,0,0,104,null,{"$f":"+N73*O73","v":0},104,{"v":12513,"d":"12,513.0"},{"v":1301352,"d":"1,301,352"}]
[null,"더블러D4","하이로닉",null,{"$f":"+'[1]25''02월'!P76","v":104},{"$f":"+'[1]25''02월'!Q76","v":721},{"v":74984,"d":"74,984"},null,null,0,104,0,0,104,null,{"$f":"+N74*O74","v":0},104,{"v":721,"d":"721.0"},{"v":74984,"d":"74,984"}]
[null,"라라필 폼클렌져","에이치투메디",null,{"$f":"+'[1]25''02월'!P77","v":{"v":29700,"d":"29,700"}},{"$f":"+'[1]25''02월'!Q77","v":1},{"v":29700,"d":"29,700"},null,null,0,{"v":29700,"d":"29,700"},{"v":1,"d":"1.0"},{"v":29700,"d":"29,700"},{"v":29700,"d":"29,700"},null,{"$f":"+N75*O75","v":0},{"v":29700,"d":"29,700"},0,0]
[null,"라라필 1제","에이치투메디",null,{"$f":"+'[1]25''02월'!P78","v":{"v":55000,"d":"55,000"}},{"$f":"+'[1]25''02월'!Q78","v":2},{"v":110000,"d":"110,000"},null,null,0,{"v":55000,"d":"55,000"},0,0,null,null,0,{"v":55000,"d":"55,000"},{"v":2,"d":"2.0"},{"v":110000,"d":"110,000"}]
[null,"라라필 2제","에이치투메디",null,{"$f":"+'[1]25''02월'!P80","v":{"v":55000,"d":"55,000"}},{"$f":"+'[1]25''02월'!Q80","v":4},{"v":220000,"d":"220,000"},null,null,0,{"v":55000,"d":"55,000"},0,0,null,null,0,{"v":55000,"d":"55,000"},{"v":4,"d":"4.0"},{"v":220000,"d":"220,000"}]
[null,"라라필 마스크팩","에이치투메디",null,{"$f":"+'[1]25''02월'!P82","v":{"v":4125,"d":"4,125"}},{"$f":"+'[1]25''02월'!Q82","v":37},{"v":152625,"d":"152,625"},null,null,0,{"v":4125,"d":"4,125"},{"v":6,"d":"6.0"},{"v":24750,"d":"24,750"},null,null,0,{"v":4125,"d":"4,125"},{"v":31,"d":"31.0"},{"v":127875,"d":"127,875"}]
[null,"라라젯 x로션 ","㈜엠제이메디컬",null,{"$f":"+'[1]25''02월'!P83","v":{"v":55000,"d":"55,000"}},{"$f":"+'[1]25''02월'!Q83","v":3},{"v":165000,"d":"165,000"},null,null,0,{"v":55000,"d":"55,000"},0,0,null,null,0,{"v":55000,"d":"55,000"},{"v":3,"d":"3.0"},{"v":165000,"d":"165,000"}]
[null,"라라젯 s1","㈜엠제이메디컬",null,{"$f":"+'[1]25''02월'!P84","v":{"v":55000,"d":"55,000"}},{"$f":"+'[1]25''02월'!Q84","v":1},{"v":55000,"d":"55,000"},null,null,0,{"v":55000,"d":"55,000"},0,0,{"v":55000,"d":"55,000"},null,0,{"v":55000,"d":"55,000"},{"v":1,"d":"1.0"},{"v":55000,"d":"55,000"}]
[null,"라라젯 s2","㈜엠제이메디컬",null,{"$f":"+'[1]25''02월'!P85","v":{"v":55000,"d":"55,000"}},{"$f":"+'[1]25''02월'!Q85","v":3},{"v":165000,"d":"165,000"},null,null,0,{"v":55000,"d":"55,000"},0,0,{"v":55000,"d":"55,000"},null,0,{"v":55000,"d":"55,000"},{"v":3,"d":"3.0"},{"v":165000,"d":"165,000"}]
[null,"라라젯 s3","㈜엠제이메디컬",null,{"$f":"+'[1]25''02월'!P86","v":{"v":55000,"d":"55,000"}},{"$f":"+'[1]25''02월'!Q86","v":1},{"v":55000,"d":"55,000"},null,null,0,{"v":55000,"d":"55,000"},0,0,{"v":55000,"d":"55,000"},null,0,{"v":55000,"d":"55,000"},{"v":1,"d":"1.0"},{"v":55000,"d":"55,000"}]
[null,"라라젯 팁","㈜엠제이메디컬",null,{"$f":"+'[1]25''02월'!P87","v":{"v":2750,"d":"2,750"}},{"$f":"+'[1]25''02월'!Q87","v":39},{"v":107250,"d":"107,250"},null,null,0,{"v":2750,"d":"2,750"},{"v":11,"d":"11.0"},{"v":30250,"d":"30,250"},null,null,0,{"v":2750,"d":"2,750"},{"v":28,"d":"28.0"},{"v":77000,"d":"77,000"}]
[null,"아쿠아필S1","㈜엠제이메디컬",null,{"$f":"+'[1]25''02월'!P88","v":{"v":11000,"d":"11,000"}},{"$f":"+'[1]25''02월'!Q88","v":10},{"v":110000,"d":"110,000"},{"v":11000,"d":"11,000"},10,{"v":110000,"d":"110,000"},{"v":11000,"d":"11,000"},14,{"v":154000,"d":"154,000"},{"v":11000,"d":"11,000"},null,0,{"v":11000,"d":"11,000"},{"v":6,"d":"6.0"},{"v":66000,"d":"66,000"}]
[null,"아쿠아필S2","㈜엠제이메디컬",null,{"$f":"+'[1]25''02월'!P89","v":{"v":11000,"d":"11,000"}},{"$f":"+'[1]25''02월'!Q89","v":15},{"v":165000,"d":"165,000"},{"v":11000,"d":"11,000"},5,{"v":55000,"d":"55,000"},{"v":11000,"d":"11,000"},14,{"v":154000,"d":"154,000"},{"v":11000,"d":"11,000"},null,0,{"v":11000,"d":"11,000"},{"v":6,"d":"6.0"},{"v":66000,"d":"66,000"}]
[null,"아쿠아필S3","㈜엠제이메디컬",null,{"$f":"+'[1]25''02월'!P90","v":{"v":11000,"d":"11,000"}},{"$f":"+'[1]25''02월'!Q90","v":9},{"v":99000,"d":"99,000"},{"v":11000,"d":"11,000"},5,{"v":55000,"d":"55,000"},{"v":11000,"d":"11,000"},11,{"v":121000,"d":"121,000"},{"v":11000,"d":"11,000"},null,0,{"v":11000,"d":"11,000"},{"v":3,"d":"3.0"},{"v":33000,"d":"33,000"}]
[null,"디아지팁(인트라셀)","㈜엠제이메디컬",null,{"$f":"+'[1]25''02월'!P91","v":{"v":22000,"d":"22,000"}},{"$f":"+'[1]25''02월'!Q91","v":15},{"v":330000,"d":"330,000"},null,null,0,{"v":22000,"d":"22,000"},{"v":4,"d":"4.0"},{"v":88000,"d":"88,000"},{"v":22000,"d":"22,000"},null,0,{"v":22000,"d":"22,000"},{"v":11,"d":"11.0"},{"v":242000,"d":"242,000"}]
[null,"PDT","㈜엠제이메디컬",null,{"$f":"+'[1]25''02월'!P92","v":{"v":14850,"d":"14,850"}},{"$f":"+'[1]25''02월'!Q92","v":29},{"v":430650,"d":"430,650"},null,null,0,{"v":14850,"d":"14,850"},0,0,{"v":14850,"d":"14,850"},null,0,{"v":14850,"d":"14,850"},{"v":29,"d":"29.0"},{"v":430650,"d":"430,650"}]
[null,"골드PTT","원진메디팜",null,{"$f":"+'[1]25''02월'!P93","v":{"v":29333,"d":"29,333"}},{"$f":"+'[1]25''02월'!Q93","v":23},{"v":674659,"d":"674,659"},null,null,0,{"v":29333,"d":"29,333"},{"v":8,"d":"8.0"},{"v":234664,"d":"234,664.0"},{"v":29333,"d":"29,333"},null,0,{"v":29333,"d":"29,333"},{"v":15,"d":"15.0"},{"v":439995,"d":"439,995"}]
[null,"산소필1-젤","더메스테릭스",null,{"$f":"+'[1]25''02월'!P94","v":{"v":75000,"d":"75,000"}},{"$f":"+'[1]25''02월'!Q94","v":1},{"v":75000,"d":"75,000"},null,null,0,{"v":75000,"d":"75,000"},0,0,{"v":75000,"d":"75,000"},null,0,{"v":75000,"d":"75,000"},{"v":1,"d":"1.0"},{"v":75000,"d":"75,000"}]
[null,"산소필2-젤","더메스테릭스",null,{"$f":"+'[1]25''02월'!P95","v":{"v":75000,"d":"75,000"}},{"$f":"+'[1]25''02월'!Q95","v":0},0,null,null,0,{"v":75000,"d":"75,000"},0,0,{"v":75000,"d":"75,000"},null,0,{"v":75000,"d":"75,000"},0,0]
[null,"비타민C파우더","더메스테릭스",null,{"v":89000,"d":"89,000"},{"$f":"+'[1]25''02월'!Q96","v":0},0,null,null,0,{"v":89000,"d":"89,000"},0,0,{"v":89000,"d":"89,000"},null,0,{"v":89000,"d":"89,000"},0,0]
[null,"씨위드 크림팩","쎄라덤",null,{"$f":"+'[1]25''02월'!P97","v":{"v":44000,"d":"44,000"}},{"$f":"+'[1]25''02월'!Q97","v":1},{"v":44000,"d":"44,000"},null,null,0,{"v":44000,"d":"44,000"},0,0,{"v":44000,"d":"44,000"},null,0,{"v":44000,"d":"44,000"},{"v":1,"d":"1.0"},{"v":44000,"d":"44,000"}]
[null,"아세로라크림팩","쎄라덤",null,{"$f":"+'[1]25''02월'!P98","v":{"v":44000,"d":"44,000"}},{"$f":"+'[1]25''02월'!Q98","v":1},{"v":44000,"d":"44,000"},null,null,0,{"v":44000,"d":"44,000"},0,0,{"v":44000,"d":"44,000"},null,0,{"v":44000,"d":"44,000"},{"v":1,"d":"1.0"},{"v":44000,"d":"44,000"}]
[null,"야쥴렌크림팩","쎄라덤",null,{"$f":"+'[1]25''02월'!P99","v":{"v":44000,"d":"44,000"}},{"$f":"+'[1]25''02월'!Q99","v":0},0,null,null,0,{"v":44000,"d":"44,000"},0,0,{"v":44000,"d":"44,000"},null,0,{"v":44000,"d":"44,000"},0,0]
[null,"캄퍼크림팩","쎄라덤",null,{"$f":"+'[1]25''02월'!P100","v":{"v":44000,"d":"44,000"}},{"$f":"+'[1]25''02월'!Q100","v":0},0,null,null,0,{"v":44000,"d":"44,000"},0,0,{"v":44000,"d":"44,000"},null,0,{"v":44000,"d":"44,000"},0,0]
[null,"블랙필","쎄라덤",null,{"$f":"+'[1]25''02월'!P102","v":{"v":73333,"d":"73,333"}},{"$f":"+'[1]25''02월'!Q102","v":3},{"v":219999,"d":"219,999"},null,null,0,{"v":73333,"d":"73,333"},0,0,{"v":73333,"d":"73,333"},null,0,{"v":73333,"d":"73,333"},{"v":3,"d":"3.0"},{"v":219999,"d":"219,999"}]
[null,"그린티중화제","쎄라덤",null,{"$f":"+'[1]25''02월'!P103","v":{"v":27500,"d":"27,500"}},{"$f":"+'[1]25''02월'!Q103","v":2},{"v":55000,"d":"55,000"},null,null,0,{"v":27500,"d":"27,500"},0,0,{"v":27500,"d":"27,500"},null,0,{"v":27500,"d":"27,500"},{"v":2,"d":"2.0"},{"v":55000,"d":"55,000"}]
[null,"GA 40%","쎄라덤",null,{"$f":"+'[1]25''02월'!P104","v":{"v":75200,"d":"75,200"}},{"$f":"+'[1]25''02월'!Q104","v":1},{"v":75200,"d":"75,200"},null,null,0,{"v":75200,"d":"75,200"},0,0,{"v":75200,"d":"75,200"},null,0,{"v":75200,"d":"75,200"},{"v":1,"d":"1.0"},{"v":75200,"d":"75,200"}]
[null,"벨벳M","C&K",null,{"$f":"+'[1]25''02월'!P105","v":{"v":8500,"d":"8,500"}},{"$f":"+'[1]25''02월'!Q105","v":84},{"v":714000,"d":"714,000"},null,null,0,{"v":8500,"d":"8,500"},{"v":11,"d":"11.0"},{"v":93500,"d":"93,500"},{"v":8500,"d":"8,500"},null,0,{"v":8500,"d":"8,500"},{"v":73,"d":"73.0"},{"v":620500,"d":"620,500"}]
[null,"K크림(멍크림)","히스토랩",null,0,{"$f":"+'[1]25''02월'!Q106","v":2},0,null,null,0,0,0,0,0,null,0,0,{"v":2,"d":"2.0"},0]
[null,"밀크클렌져","히스토랩",null,{"$f":"+'[1]25''02월'!P107","v":{"v":32857.1428,"d":"32,857"}},{"$f":"+'[1]25''02월'!Q107","v":6},{"v":197142.8568,"d":"197,143"},null,null,0,{"v":32857.1428,"d":"32,857"},0,0,null,null,0,{"v":32857.1428,"d":"32,857"},{"v":6,"d":"6.0"},{"v":197142.8568,"d":"197,143"}]
[null,"폼클렌저","히스토랩",null,{"$f":"+'[1]25''02월'!P108","v":{"v":30000,"d":"30,000"}},{"$f":"+'[1]25''02월'!Q108","v":3},{"v":90000,"d":"90,000"},{"v":30000,"d":"30,000"},7,{"v":210000,"d":"210,000"},{"v":30000,"d":"30,000"},{"v":4,"d":"4.0"},{"v":120000,"d":"120,000"},{"v":30000,"d":"30,000"},null,0,{"v":30000,"d":"30,000"},{"v":6,"d":"6.0"},{"v":180000,"d":"180,000"}]
[null,"클리어로션","히스토랩",null,{"$f":"+'[1]25''02월'!P109","v":{"v":53600,"d":"53,600"}},{"$f":"+'[1]25''02월'!Q109","v":0},0,null,null,0,{"v":53600,"d":"53,600"},0,0,{"v":53600,"d":"53,600"},null,0,{"v":53600,"d":"53,600"},0,0]
[null,"이온토비타민","히스토랩",null,{"$f":"+'[1]25''02월'!P110","v":{"v":2500,"d":"2,500"}},{"$f":"+'[1]25''02월'!Q110","v":10},{"v":25000,"d":"25,000"},null,null,0,{"v":2500,"d":"2,500"},{"v":5,"d":"5.0"},{"v":12500,"d":"12,500"},{"v":2500,"d":"2,500"},null,0,{"v":2500,"d":"2,500"},{"v":5,"d":"5.0"},{"v":12500,"d":"12,500"}]
[null,"여우필아클레스필","아일글로벌",null,{"v":72600,"d":"72,600"},{"$f":"+'[1]25''02월'!Q111","v":0},0,null,null,0,{"v":72600,"d":"72,600"},0,0,{"v":72600,"d":"72,600"},null,0,{"v":72600,"d":"72,600"},0,0]
[null,"여우필멜라리스필","아일글로벌",null,{"v":84700,"d":"84,700"},{"$f":"+'[1]25''02월'!Q112","v":0},0,null,null,0,{"v":84700,"d":"84,700"},0,0,{"v":84700,"d":"84,700"},null,0,{"v":84700,"d":"84,700"},0,0]
[null,"여우필옥시젠부스터","아일글로벌",null,{"v":68200,"d":"68,200"},{"$f":"+'[1]25''02월'!Q113","v":0},0,null,null,0,{"v":68200,"d":"68,200"},0,0,{"v":68200,"d":"68,200"},null,0,{"v":68200,"d":"68,200"},0,0]
[null,"버블씨스노우30","아일글로벌",null,{"$f":"+'[1]25''02월'!P114","v":{"v":2904,"d":"2,904"}},{"$f":"+'[1]25''02월'!Q114","v":{"v":37.5,"d":"38"}},{"v":108900,"d":"108,900"},null,null,0,{"v":2904,"d":"2,904"},0.5,{"v":1452,"d":"1,452"},{"v":2904,"d":"2,904"},null,0,{"v":2904,"d":"2,904"},{"v":37,"d":"37.0"},{"v":107448,"d":"107,448"}]
[null,"아쿠아모델링","닥터랩",null,{"$f":"+'[1]25''02월'!P115","v":{"v":9000,"d":"9,000"}},{"$f":"+'[1]25''02월'!Q115","v":28},{"v":252000,"d":"252,000"},null,null,0,{"v":9000,"d":"9,000"},{"v":5,"d":"5.0"},{"v":45000,"d":"45,000"},null,null,0,{"v":9000,"d":"9,000"},{"v":23,"d":"23.0"},{"v":207000,"d":"207,000"}]
[null,"비타민모델링","닥터랩",null,{"$f":"+'[1]25''02월'!P116","v":{"v":9000,"d":"9,000"}},{"$f":"+'[1]25''02월'!Q116","v":27},{"v":243000,"d":"243,000"},null,null,0,{"v":9000,"d":"9,000"},{"v":5,"d":"5.0"},{"v":45000,"d":"45,000"},null,null,0,{"v":9000,"d":"9,000"},{"v":22,"d":"22.0"},{"v":198000,"d":"198,000"}]
[null,"센텔라시카 마스크","닥터랩",null,{"$f":"+'[1]25''02월'!P117","v":{"v":1000,"d":"1,000"}},{"$f":"+'[1]25''02월'!Q117","v":139},{"v":139000,"d":"139,000"},null,null,0,{"v":1000,"d":"1,000"},{"v":25,"d":"25.0"},{"v":25000,"d":"25,000"},null,null,0,{"v":1000,"d":"1,000"},{"v":114,"d":"114.0"},{"v":114000,"d":"114,000"}]
[null,"하이드라수딩 마스크","닥터랩",null,{"$f":"+'[1]25''02월'!P118","v":{"v":1000,"d":"1,000"}},{"$f":"+'[1]25''02월'!Q118","v":15},{"v":15000,"d":"15,000"},null,null,0,{"v":1000,"d":"1,000"},0,0,null,null,0,{"v":1000,"d":"1,000"},{"v":15,"d":"15.0"},{"v":15000,"d":"15,000"}]
[null,"뉴트리티브 바이탈 마사지크림","닥터랩",null,{"v":33000,"d":"33,000"},{"$f":"+'[1]25''02월'!Q119","v":0},0,null,null,0,{"v":33000,"d":"33,000"},0,0,null,null,0,{"v":33000,"d":"33,000"},0,0]
[null,"하이드라더마아쥴렌크림","닥터랩",null,{"$f":"+'[1]25''02월'!P120","v":{"v":29000,"d":"29,000"}},{"$f":"+'[1]25''02월'!Q120","v":37},{"v":1073000,"d":"1,073,000"},null,null,0,{"v":29000,"d":"29,000"},{"v":3,"d":"3.0"},{"v":87000,"d":"87,000"},{"v":29000,"d":"29,000"},null,0,{"v":29000,"d":"29,000"},{"v":34,"d":"34.0"},{"v":986000,"d":"986,000"}]
[null,"디오투 액티베이터","옥시젠",null,{"$f":"+'[1]25''02월'!P121","v":{"v":11875,"d":"11,875"}},{"$f":"+'[1]25''02월'!Q121","v":1},{"v":11875,"d":"11,875"},null,null,0,{"v":11875,"d":"11,875"},{"v":1,"d":"1.0"},{"v":11875,"d":"11,875"},null,null,0,{"v":11875,"d":"11,875"},0,0]
[null,"스킨 발란싱 토너","옥시젠",null,{"$f":"+'[1]25''02월'!P122","v":{"v":18000,"d":"18,000"}},{"$f":"+'[1]25''02월'!Q122","v":6},{"v":108000,"d":"108,000"},null,null,0,{"v":18000,"d":"18,000"},{"v":4,"d":"4.0"},{"v":72000,"d":"72,000"},null,null,0,{"v":18000,"d":"18,000"},{"v":2,"d":"2.0"},{"v":36000,"d":"36,000"}]
[null,"레드네스 수딩 알로에 베라젤","옥시젠",null,{"$f":"+'[1]25''02월'!P123","v":{"v":18000,"d":"18,000"}},{"$f":"+'[1]25''02월'!Q123","v":2},{"$f":"+E118*F118","v":{"v":36000,"d":"36,000"}},{"v":18000,"d":"18,000"},10,{"$f":"+H118*I118","v":{"v":180000,"d":"180,000"}},{"v":18000,"d":"18,000"},1,{"$f":"+K118*L118","v":{"v":18000,"d":"18,000"}},null,null,{"$f":"+N118*O118","v":0},{"$f":"+E118","v":{"v":18000,"d":"18,000"}},{"$f":"+F118+I118-L118+O118","v":{"v":11,"d":"11.0"}},{"$f":"+Q118*R118","v":{"v":198000,"d":"198,000"}}]
[null,"에이셀100 플루이드","옥시젠",null,{"$f":"+'[1]25''02월'!P124","v":{"v":25650,"d":"25,650"}},{"$f":"+'[1]25''02월'!Q124","v":9},{"v":230850,"d":"230,850"},null,null,0,{"v":25650,"d":"25,650"},5,{"v":128250,"d":"128,250"},null,null,0,{"v":25650,"d":"25,650"},{"v":4,"d":"4.0"},{"v":102600,"d":"102,600"}]
[null,"쿠퍼러스 플루이드","옥시젠",null,{"$f":"+'[1]25''02월'!P125","v":{"v":25650,"d":"25,650"}},{"$f":"+'[1]25''02월'!Q125","v":6},{"v":153900,"d":"153,900"},null,null,0,{"v":25650,"d":"25,650"},0,0,null,null,0,{"v":25650,"d":"25,650"},{"v":6,"d":"6.0"},{"v":153900,"d":"153,900"}]
[null,"캐비어 플루이드","옥시젠",null,{"$f":"+'[1]25''02월'!P126","v":{"v":25110,"d":"25,110"}},{"$f":"+'[1]25''02월'!Q126","v":2},{"v":50220,"d":"50,220"},null,null,0,{"v":25110,"d":"25,110"},2,{"v":50220,"d":"50,220"},null,null,0,{"v":25110,"d":"25,110"},0,0]
[null,null,"옥시젠",null,{"$f":"+'[1]25''02월'!P127","v":{"v":25650,"d":"25,650"}},{"$f":"+'[1]25''02월'!Q127","v":5},{"v":128250,"d":"128,250"},null,null,0,{"v":25650,"d":"25,650"},2,{"v":51300,"d":"51,300"},null,null,0,{"v":25650,"d":"25,650"},{"v":3,"d":"3.0"},{"v":76950,"d":"76,950"}]
[null,"퍼멘티드 플루이드","옥시젠",null,{"$f":"+'[1]25''02월'!P128","v":{"v":25110,"d":"25,110"}},{"$f":"+'[1]25''02월'!Q128","v":8},{"v":200880,"d":"200,880"},null,null,0,{"v":25110,"d":"25,110"},1,{"v":25110,"d":"25,110"},null,null,0,{"v":25110,"d":"25,110"},{"v":7,"d":"7.0"},{"v":175770,"d":"175,770"}]
[null,"TP썬크림","옥시젠",null,{"$f":"+'[1]25''02월'!P130","v":{"v":16500,"d":"16,500"}},{"$f":"+'[1]25''02월'!Q130","v":13},{"v":214500,"d":"214,500"},null,null,0,{"v":16500,"d":"16,500"},{"v":7,"d":"7.0"},{"v":115500,"d":"115,500"},{"$f":"+K124","v":{"v":16500,"d":"16,500"}},null,0,{"v":16500,"d":"16,500"},{"v":6,"d":"6.0"},{"v":99000,"d":"99,000"}]
[null,"크리오제닉 액티베이터","옥시젠",null,{"$f":"+'[1]25''02월'!P131","v":{"v":6500,"d":"6,500"}},{"$f":"+'[1]25''02월'!Q131","v":4},{"v":26000,"d":"26,000"},null,null,0,{"v":6500,"d":"6,500"},{"v":4,"d":"4.0"},{"v":26000,"d":"26,000"},null,null,0,{"v":6500,"d":"6,500"},0,0]
[null,"크리오제닉 액티베이터1","옥시젠",{"$nulls":3},0,0,18,0,0,{"v":2,"d":"2.0"},0,{"$nulls":3},0,{"v":16,"d":"16.0"},0,"단가변경(적립금 사용하여 단가0원)"]
[null,"fcr리젠트론마스크","㈜엠제이메디컬",null,{"$f":"+'[1]25''02월'!P136","v":{"v":7543,"d":"7,543"}},{"$f":"+'[1]25''02월'!Q136","v":43},{"v":324349,"d":"324,349"},null,null,0,{"v":7543,"d":"7,543"},{"v":1,"d":"1.0"},{"v":7543,"d":"7,543"},{"v":7543,"d":"7,543"},null,0,{"v":7543,"d":"7,543"},{"v":42,"d":"42.0"},{"v":316806,"d":"316,806"}]
[null,"fcr리젠트론엑티바","㈜엠제이메디컬",null,{"v":90200,"d":"90,200"},0,0,null,null,0,{"v":90200,"d":"90,200"},0,0,null,null,0,{"v":90200,"d":"90,200"},0,0]
[null,"fcr리젠트론디악엑티바","㈜엠제이메디컬",null,{"v":90200,"d":"90,200"},0,0,null,null,0,{"v":90200,"d":"90,200"},0,0,null,null,0,{"v":90200,"d":"90,200"},0,0]
[null,"fcr맥스하이트로오투겔마스크","㈜엠제이메디컬",null,{"v":42900,"d":"42,900"},0,0,null,null,0,{"v":42900,"d":"42,900"},0,0,null,null,0,{"v":42900,"d":"42,900"},0,0]
[null,"소계",{"$nulls":4},{"$f":"SUM(G54:G127)","v":{"v":29180062.8568,"d":"29,180,063"}},null,null,{"$f":"SUM(J54:J127)","v":{"v":6485000,"d":"6,485,000"}},null,null,{"$f":"SUM(M54:M127)","v":{"v":11339284,"d":"11,339,284"}},0,null,{"$f":"SUM(P54:P127)","v":0},{"$f":"+E131","v":0},0,{"$f":"SUM(S54:S127)","v":{"v":24347778.8568,"d":"24,347,779"}}]
[null,"총계",{"$nulls":4},{"$f":"+G53+G131","v":{"v":305736461.65680003,"d":"305,736,462"}},null,null,{"$f":"+J53+J131","v":{"v":6485000,"d":"6,485,000"}},null,null,{"$f":"+M53+M131","v":{"v":11339284,"d":"11,339,284"}},0,null,{"$f":"+P53+P131","v":0},0,0,{"$f":"+S53+S131","v":{"v":300904177.65680003,"d":"300,904,178"}}]